中国县级行政区,但是回答相邻行政区就算对 Counties by Borders - Statistics

General Stats
  • This quiz has been taken 248 times
    217 since last reset
  • The average score is 1606 of 2891
Answers on the Map
Answers color-coded by a green-red scale on the quiz's map according to % correct below.
 
Answer Stats
省级行政区 市级行政区 县级行政区 % Correct
吉林省 长春市 朝阳区
93%
北京市 北京市 朝阳区
92%
北京市 北京市 大兴区
89%
北京市 北京市 通州区
89%
北京市 北京市 顺义区
88%
江苏省 南通市 通州区
88%
北京市 北京市 丰台区
87%
黑龙江省 双鸭山市 宝山区
87%
江苏省 南京市 栖霞区
87%
北京市 北京市 海淀区
86%
江苏省 南京市 浦口区
86%
江苏省 南通市 海门区
86%
上海市 上海市 浦东新区
86%
北京市 北京市 昌平区
85%
北京市 北京市 东城区
85%
北京市 北京市 西城区
85%
广东省 深圳市 龙华区
85%
海南省 海口市 龙华区
85%
江苏省 南京市 秦淮区
85%
江苏省 徐州市 铜山区
85%
上海市 上海市 虹口区
85%
上海市 上海市 宝山区
85%
广东省 东莞市 东莞市
84%
河北省 廊坊市 三河市
84%
陕西省 西安市 灞桥区
84%
上海市 上海市 闵行区
84%
广东省 广州市 南沙区
83%
江苏省 南京市 玄武区
83%
江苏省 苏州市 常熟市
83%
江苏省 苏州市 太仓市
83%
江苏省 苏州市 张家港市
83%
江苏省 苏州市 昆山市
83%
江苏省 泰州市 泰兴市
83%
江苏省 无锡市 江阴市
83%
江苏省 镇江市 扬中市
83%
辽宁省 沈阳市 和平区
83%
山西省 晋城市 泽州县
83%
上海市 上海市 杨浦区
83%
上海市 上海市 嘉定区
83%
上海市 上海市 奉贤区
83%
天津市 天津市 和平区
83%
广东省 广州市 白云区
82%
广东省 中山市 中山市
82%
贵州省 贵阳市 白云区
82%
江苏省 南通市 如皋市
82%
江苏省 苏州市 吴中区
82%
江苏省 苏州市 相城区
82%
上海市 上海市 青浦区
82%
天津市 天津市 西青区
82%
广东省 广州市 番禺区
81%
海南省 三沙市 南沙区
81%
江苏省 南京市 江宁区
81%
江苏省 南通市 启东市
81%
江苏省 镇江市 丹阳市
81%
上海市 上海市 徐汇区
81%
上海市 上海市 金山区
81%
上海市 上海市 崇明区
81%
浙江省 杭州市 萧山区
81%
重庆市 重庆市 江北区
81%
北京市 北京市 怀柔区
80%
北京市 北京市 门头沟区
80%
广东省 佛山市 顺德区
80%
广东省 佛山市 南海区
80%
广东省 广州市 黄埔区
80%
广东省 广州市 增城区
80%
广东省 江门市 蓬江区
80%
海南省 海南省 琼中黎族苗族自治县
80%
河北省 廊坊市 香河县
80%
湖南省 长沙市 浏阳市
80%
湖南省 长沙市 长沙县
80%
江苏省 常州市 新北区
80%
江苏省 南通市 崇川区
80%
江西省 南昌市 南昌县
80%
陕西省 西安市 雁塔区
80%
上海市 上海市 普陀区
80%
上海市 上海市 静安区
80%
四川省 凉山彝族自治州 木里藏族自治县
80%
台湾省 台湾省 嘉义县
80%
台湾省 台湾省 高雄市
80%
天津市 天津市 静海区
80%
天津市 天津市 武清区
80%
天津市 天津市 东丽区
80%
新疆维吾尔自治区 巴音郭楞蒙古自治州 若羌县
80%
浙江省 杭州市 上城区
80%
浙江省 宁波市 江北区
80%
浙江省 绍兴市 诸暨市
80%
浙江省 舟山市 普陀区
80%
广东省 广州市 从化区
79%
广东省 汕尾市 城区
79%
广东省 深圳市 宝安区
79%
广东省 深圳市 南山区
79%
海南省 海南省 乐东黎族自治县
79%
河北省 承德市 兴隆县
79%
江苏省 南京市 建邺区
79%
江苏省 苏州市 吴江区
79%
江西省 南昌市 红谷滩区
79%
内蒙古自治区 阿拉善盟 阿拉善左旗
79%
山东省 济南市 长清区
79%
山东省 枣庄市 市中区
79%
陕西省 西安市 未央区
79%
四川省 乐山市 市中区
79%
四川省 内江市 市中区
79%
台湾省 台湾省 宜兰县
79%
天津市 天津市 蓟州区
79%
甘肃省 酒泉市 肃北蒙古族自治县
78%
广东省 江门市 新会区
78%
广东省 汕尾市 海丰县
78%
海南省 海南省 白沙黎族自治县
78%
河北省 沧州市 黄骅市
78%
黑龙江省 鹤岗市 南山区
78%
江苏省 常州市 武进区
78%
江苏省 淮安市 涟水县
78%
江苏省 南京市 鼓楼区
78%
江苏省 徐州市 贾汪区
78%
江西省 南昌市 东湖区
78%
辽宁省 葫芦岛市 连山区
78%
青海省 玉树藏族自治州 治多县
78%
山东省 济南市 市中区
78%
山东省 青岛市 即墨区
78%
山西省 阳泉市 郊区
78%
陕西省 西安市 长安区
78%
上海市 上海市 松江区
78%
台湾省 台湾省 南投县
78%
台湾省 台湾省 台南市
78%
天津市 天津市 宁河区
78%
新疆维吾尔自治区 哈密市 伊州区
78%
浙江省 杭州市 滨江区
78%
浙江省 杭州市 富阳区
78%
安徽省 滁州市 天长市
77%
甘肃省 酒泉市 阿克塞哈萨克族自治县
77%
海南省 海南省 昌江黎族自治县
77%
河北省 廊坊市 广阳区
77%
河北省 石家庄市 藁城区
77%
河北省 唐山市 丰南区
77%
黑龙江省 大兴安岭地区 呼玛县
77%
湖北省 武汉市 江岸区
77%
湖南省 长沙市 雨花区
77%
江苏省 常州市 天宁区
77%
江苏省 南通市 如东县
77%
江苏省 泰州市 靖江市
77%
江苏省 盐城市 阜宁县
77%
江苏省 镇江市 丹徒区
77%
江西省 南昌市 青山湖区
77%
江西省 南昌市 西湖区
77%
山东省 泰安市 岱岳区
77%
山西省 阳泉市 城区
77%
山西省 阳泉市 矿区
77%
上海市 上海市 长宁区
77%
台湾省 台湾省 新竹县
77%
台湾省 台湾省 新北市
77%
天津市 天津市 滨海新区
77%
浙江省 杭州市 余杭区
77%
浙江省 嘉兴市 嘉善县
77%
浙江省 金华市 浦江县
77%
浙江省 金华市 东阳市
77%
浙江省 宁波市 余姚市
77%
安徽省 滁州市 来安县
76%
安徽省 合肥市 巢湖市
76%
安徽省 合肥市 庐江县
76%
安徽省 合肥市 肥东县
76%
安徽省 合肥市 肥西县
76%
北京市 北京市 延庆区
76%
北京市 北京市 平谷区
76%
福建省 福州市 晋安区
76%
广东省 深圳市 龙岗区
76%
海南省 儋州市 儋州市
76%
海南省 海南省 定安县
76%
河北省 保定市 涞水县
76%
河北省 石家庄市 新华区
76%
河北省 石家庄市 长安区
76%
河北省 唐山市 路南区
76%
河南省 开封市 祥符区
76%
河南省 郑州市 管城回族区
76%
江苏省 常州市 溧阳市
76%
江苏省 常州市 钟楼区
76%
江苏省 无锡市 宜兴市
76%
江苏省 无锡市 滨湖区
76%
江苏省 盐城市 响水县
76%
江苏省 扬州市 仪征市
76%
辽宁省 朝阳市 朝阳县
76%
辽宁省 阜新市 海州区
76%
内蒙古自治区 包头市 青山区
76%
山东省 菏泽市 单县
76%
山东省 济南市 历城区
76%
山东省 临沂市 河东区
76%
山东省 青岛市 胶州市
76%
山东省 青岛市 平度市
76%
陕西省 西安市 蓝田县
76%
上海市 上海市 黄浦区
76%
四川省 成都市 温江区
76%
四川省 成都市 郫都区
76%
四川省 成都市 双流区
76%
四川省 成都市 青羊区
76%
四川省 成都市 彭州市
76%
台湾省 台湾省 桃园市
76%
台湾省 台湾省 台中市
76%
台湾省 台湾省 花莲县
76%
天津市 天津市 津南区
76%
天津市 天津市 河东区
76%
新疆维吾尔自治区 巴音郭楞蒙古自治州 和静县
76%
浙江省 杭州市 西湖区
76%
浙江省 嘉兴市 平湖市
76%
浙江省 金华市 武义县
76%
浙江省 金华市 永康市
76%
浙江省 金华市 兰溪市
76%
浙江省 金华市 义乌市
76%
重庆市 重庆市 巴南区
76%
安徽省 芜湖市 无为市
75%
北京市 北京市 密云区
75%
广东省 广州市 花都区
75%
广东省 广州市 荔湾区
75%
海南省 海南省 保亭黎族苗族自治县
75%
海南省 海南省 澄迈县
75%
海南省 海南省 琼海市
75%
河北省 张家口市 怀来县
75%
河南省 郑州市 二七区
75%
吉林省 四平市 伊通满族自治县
75%
吉林省 长春市 公主岭市
75%
江苏省 连云港市 海州区
75%
江苏省 盐城市 射阳县
75%
江苏省 盐城市 滨海县
75%
江苏省 扬州市 高邮市
75%
江苏省 镇江市 句容市
75%
江西省 南昌市 青云谱区
75%
辽宁省 沈阳市 铁西区
75%
四川省 成都市 崇州市
75%
新疆维吾尔自治区 新疆维吾尔自治区 铁门关市
75%
福建省 福州市 闽侯县
74%
甘肃省 酒泉市 敦煌市
74%
广东省 惠州市 惠阳区
74%
海南省 海南省 五指山市
74%
河北省 廊坊市 大厂回族自治县
74%
河北省 廊坊市 固安县
74%
河北省 石家庄市 正定县
74%
黑龙江省 大兴安岭地区 漠河市
74%
湖北省 荆州市 监利市
74%
湖北省 武汉市 青山区
74%
湖北省 武汉市 武昌区
74%
湖北省 武汉市 汉阳区
74%
湖北省 武汉市 洪山区
74%
江苏省 南京市 雨花台区
74%
辽宁省 葫芦岛市 建昌县
74%
内蒙古自治区 呼伦贝尔市 根河市
74%
内蒙古自治区 呼伦贝尔市 额尔古纳市
74%
青海省 海西蒙古族藏族自治州 格尔木市
74%
山东省 潍坊市 诸城市
74%
陕西省 商洛市 柞水县
74%
四川省 成都市 简阳市
74%
四川省 甘孜藏族自治州 康定市
74%
台湾省 台湾省 台北市
74%
新疆维吾尔自治区 巴音郭楞蒙古自治州 尉犁县
74%
新疆维吾尔自治区 塔城地区 沙湾市
74%
浙江省 杭州市 拱墅区
74%
安徽省 黄山市 休宁县
73%
北京市 北京市 房山区
73%
甘肃省 张掖市 肃南裕固族自治县
73%
广东省 惠州市 博罗县
73%
广东省 深圳市 福田区
73%
河北省 廊坊市 霸州市
73%
河南省 郑州市 中牟县
73%
湖北省 恩施土家族苗族自治州 利川市
73%
湖北省 孝感市 汉川市
73%
湖南省 岳阳市 平江县
73%
江苏省 常州市 金坛区
73%
江苏省 淮安市 金湖县
73%
江苏省 南京市 溧水区
73%
江苏省 无锡市 锡山区
73%
江苏省 徐州市 沛县
73%
辽宁省 朝阳市 北票市
73%
辽宁省 沈阳市 于洪区
73%
辽宁省 沈阳市 皇姑区
73%
青海省 海西蒙古族藏族自治州 茫崖市
73%
山东省 济南市 章丘区
73%
山东省 济南市 天桥区
73%
山东省 枣庄市 峄城区
73%
陕西省 咸阳市 秦都区
73%
四川省 成都市 锦江区
73%
四川省 眉山市 仁寿县
73%
天津市 天津市 宝坻区
73%
天津市 天津市 河西区
73%
西藏自治区 阿里地区 日土县
73%
新疆维吾尔自治区 和田地区 策勒县
73%
浙江省 宁波市 海曙区
73%
重庆市 重庆市 巫溪县
73%
安徽省 淮南市 寿县
72%
安徽省 六安市 舒城县
72%
安徽省 马鞍山市 和县
72%
安徽省 铜陵市 枞阳县
72%
福建省 福州市 仓山区
72%
广东省 河源市 东源县
72%
广东省 惠州市 惠城区
72%
广东省 江门市 鹤山市
72%
广东省 深圳市 光明区
72%
海南省 海口市 琼山区
72%
海南省 海南省 东方市
72%
海南省 海南省 文昌市
72%
河北省 保定市 涿州市
72%
河北省 张家口市 赤城县
72%
河南省 开封市 龙亭区
72%
湖北省 武汉市 蔡甸区
72%
湖南省 长沙市 芙蓉区
72%
吉林省 长春市 绿园区
72%
江苏省 苏州市 虎丘区
72%
江苏省 无锡市 惠山区
72%
江苏省 徐州市 云龙区
72%
江苏省 徐州市 睢宁县
72%
江苏省 徐州市 丰县
72%
江苏省 徐州市 泉山区
72%
江西省 南昌市 新建区
72%
辽宁省 葫芦岛市 南票区
72%
辽宁省 锦州市 凌海市
72%
辽宁省 辽阳市 辽阳县
72%
辽宁省 沈阳市 苏家屯区
72%
内蒙古自治区 阿拉善盟 阿拉善右旗
72%
山东省 济宁市 微山县
72%
山东省 临沂市 兰陵县
72%
山东省 青岛市 崂山区
72%
山东省 青岛市 城阳区
72%
山东省 青岛市 莱西市
72%
山西省 晋城市 城区
72%
山西省 阳泉市 盂县
72%
陕西省 商洛市 洛南县
72%
四川省 阿坝藏族羌族自治州 汶川县
72%
四川省 阿坝藏族羌族自治州 小金县
72%
四川省 成都市 龙泉驿区
72%
四川省 雅安市 宝兴县
72%
台湾省 台湾省 苗栗县
72%
台湾省 台湾省 台东县
72%
台湾省 台湾省 屏东县
72%
天津市 天津市 南开区
72%
天津市 天津市 河北区
72%
西藏自治区 那曲市 双湖县
72%
新疆维吾尔自治区 巴音郭楞蒙古自治州 且末县
72%
浙江省 金华市 金东区
72%
浙江省 宁波市 镇海区
72%
浙江省 宁波市 慈溪市
72%
重庆市 重庆市 巫山县
72%
重庆市 重庆市 沙坪坝区
72%
重庆市 重庆市 渝北区
72%
安徽省 滁州市 全椒县
71%
安徽省 铜陵市 郊区
71%
安徽省 宿州市 萧县
71%
安徽省 宿州市 砀山县
71%
甘肃省 酒泉市 金塔县
71%
广东省 广州市 天河区
71%
广东省 珠海市 斗门区
71%
广东省 珠海市 香洲区
71%
贵州省 铜仁市 松桃苗族自治县
71%
河南省 洛阳市 孟津区
71%
黑龙江省 大兴安岭地区 塔河县
71%
湖北省 湖北省 神农架林区
71%
湖北省 荆州市 洪湖市
71%
湖南省 岳阳市 岳阳县
71%
江苏省 南京市 六合区
71%
江苏省 苏州市 姑苏区
71%
江苏省 泰州市 兴化市
71%
江苏省 徐州市 鼓楼区
71%
江苏省 扬州市 宝应县
71%
山东省 菏泽市 东明县
71%
山东省 济南市 莱芜区
71%
山东省 济宁市 邹城市
71%
山东省 临沂市 郯城县
71%
山东省 烟台市 莱阳市
71%
陕西省 渭南市 临渭区
71%
陕西省 西安市 鄠邑区
71%
四川省 阿坝藏族羌族自治州 茂县
71%
四川省 成都市 武侯区
71%
四川省 凉山彝族自治州 冕宁县
71%
台湾省 台湾省 基隆市
71%
台湾省 台湾省 彰化县
71%
西藏自治区 那曲市 安多县
71%
新疆维吾尔自治区 阿克苏地区 沙雅县
71%
新疆维吾尔自治区 阿勒泰地区 福海县
71%
浙江省 杭州市 临安区
71%
浙江省 杭州市 钱塘区
71%
浙江省 湖州市 长兴县
71%
浙江省 嘉兴市 秀洲区
71%
浙江省 宁波市 鄞州区
71%
安徽省 安庆市 怀宁县
70%
安徽省 黄山市 歙县
70%
安徽省 铜陵市 义安区
70%
甘肃省 酒泉市 玉门市
70%
河北省 邯郸市 磁县
70%
河北省 石家庄市 鹿泉区
70%
河北省 唐山市 遵化市
70%
河南省 安阳市 安阳县
70%
湖北省 十堰市 房县
70%
湖北省 武汉市 江汉区
70%
吉林省 延边朝鲜族自治州 汪清县
70%
吉林省 延边朝鲜族自治州 敦化市
70%
江苏省 徐州市 邳州市
70%
江苏省 扬州市 江都区
70%
江苏省 扬州市 邗江区
70%
内蒙古自治区 呼伦贝尔市 新巴尔虎左旗
70%
山东省 菏泽市 曹县
70%
山东省 济南市 济阳区
70%
山东省 济宁市 鱼台县
70%
山东省 青岛市 黄岛区
70%
山东省 日照市 五莲县
70%
山东省 日照市 东港区
70%
山东省 泰安市 新泰市
70%
山东省 烟台市 栖霞市
70%
四川省 成都市 都江堰市
70%
四川省 雅安市 石棉县
70%
云南省 红河哈尼族彝族自治州 个旧市
70%
云南省 丽江市 玉龙纳西族自治县
70%
浙江省 绍兴市 柯桥区
70%
安徽省 安庆市 宜秀区
69%
安徽省 池州市 贵池区
69%
安徽省 滁州市 南谯区
69%
安徽省 合肥市 蜀山区
69%
安徽省 黄山市 黄山区
69%
安徽省 宣城市 绩溪县
69%
安徽省 宣城市 宁国市
69%
安徽省 宣城市 广德市
69%
福建省 福州市 鼓楼区
69%
福建省 龙岩市 永定区
69%
甘肃省 兰州市 榆中县
69%
甘肃省 武威市 民勤县
69%
广东省 江门市 开平市
69%
广东省 江门市 江海区
69%
海南省 海口市 美兰区
69%
河北省 承德市 滦平县
69%
河北省 邯郸市 涉县
69%
河北省 廊坊市 文安县
69%
河南省 安阳市 林州市
69%
河南省 河南省 济源市
69%
河南省 开封市 兰考县
69%
河南省 洛阳市 新安县
69%
河南省 濮阳市 濮阳县
69%
河南省 商丘市 梁园区
69%
河南省 郑州市 金水区
69%
河南省 郑州市 新郑市
69%
河南省 郑州市 新密市
69%
黑龙江省 佳木斯市 汤原县
69%
黑龙江省 双鸭山市 宝清县
69%
湖北省 恩施土家族苗族自治州 巴东县
69%
湖北省 湖北省 仙桃市
69%
湖北省 十堰市 竹山县
69%
湖北省 武汉市 东西湖区
69%
湖北省 武汉市 黄陂区
69%
湖南省 岳阳市 汨罗市
69%
湖南省 张家界市 永定区
69%
湖南省 长沙市 望城区
69%
湖南省 长沙市 宁乡市
69%
湖南省 长沙市 开福区
69%
江苏省 淮安市 洪泽区
69%
江苏省 淮安市 盱眙县
69%
江苏省 连云港市 赣榆区
69%
江苏省 连云港市 灌云县
69%
江苏省 南京市 高淳区
69%
江苏省 南通市 海安市
69%
江苏省 泰州市 姜堰区
69%
辽宁省 朝阳市 龙城区
69%
辽宁省 朝阳市 双塔区
69%
青海省 海西蒙古族藏族自治州 都兰县
69%
青海省 玉树藏族自治州 曲麻莱县
69%
山东省 临沂市 莒南县
69%
山东省 潍坊市 高密市
69%
山东省 烟台市 福山区
69%
山东省 枣庄市 薛城区
69%
山西省 晋中市 寿阳县
69%
四川省 阿坝藏族羌族自治州 理县
69%
四川省 甘孜藏族自治州 石渠县
69%
四川省 甘孜藏族自治州 稻城县
69%
四川省 甘孜藏族自治州 乡城县
69%
台湾省 台湾省 云林县
69%
西藏自治区 拉萨市 城关区
69%
新疆维吾尔自治区 昌吉回族自治州 昌吉市
69%
新疆维吾尔自治区 和田地区 墨玉县
69%
云南省 红河哈尼族彝族自治州 金平苗族瑶族傣族自治县
69%
云南省 红河哈尼族彝族自治州 屏边苗族自治县
69%
浙江省 杭州市 淳安县
69%
浙江省 湖州市 安吉县
69%
重庆市 重庆市 云阳县
69%
重庆市 重庆市 南岸区
69%
重庆市 重庆市 开州区
69%
安徽省 马鞍山市 含山县
68%
福建省 泉州市 南安市
68%
甘肃省 嘉峪关市 嘉峪关市
68%
甘肃省 酒泉市 瓜州县
68%
甘肃省 兰州市 皋兰县
68%
甘肃省 兰州市 城关区
68%
甘肃省 武威市 凉州区
68%
广东省 佛山市 高明区
68%
广东省 广州市 越秀区
68%
广东省 河源市 和平县
68%
广东省 江门市 台山市
68%
广东省 深圳市 罗湖区
68%
海南省 海南省 临高县
68%
河北省 保定市 雄县
68%
河北省 沧州市 青县
68%
河北省 承德市 承德县
68%
河北省 石家庄市 新乐市
68%
河北省 唐山市 滦州市
68%
河北省 张家口市 涿鹿县
68%
河南省 焦作市 沁阳市
68%
河南省 焦作市 孟州市
68%
河南省 许昌市 禹州市
68%
黑龙江省 鹤岗市 东山区
68%
黑龙江省 黑河市 嫩江市
68%
湖北省 宜昌市 兴山县
68%
湖南省 湘潭市 湘潭县
68%
湖南省 益阳市 南县
68%
吉林省 四平市 铁东区
68%
吉林省 延边朝鲜族自治州 图们市
68%
吉林省 延边朝鲜族自治州 延吉市
68%
吉林省 长春市 宽城区
68%
江苏省 宿迁市 沭阳县
68%
辽宁省 大连市 普兰店区
68%
辽宁省 大连市 金州区
68%
辽宁省 营口市 盖州市
68%
宁夏回族自治区 石嘴山市 平罗县
68%
青海省 海西蒙古族藏族自治州 天峻县
68%
山东省 东营市 利津县
68%
山东省 菏泽市 牡丹区
68%
山东省 济南市 钢城区
68%
山东省 泰安市 宁阳县
68%
山东省 泰安市 泰山区
68%
陕西省 安康市 宁陕县
68%
四川省 成都市 新都区
68%
四川省 甘孜藏族自治州 九龙县
68%
四川省 内江市 东兴区
68%
四川省 自贡市 大安区
68%
新疆维吾尔自治区 和田地区 皮山县
68%
新疆维吾尔自治区 喀什地区 疏附县
68%
新疆维吾尔自治区 吐鲁番市 高昌区
68%
新疆维吾尔自治区 乌鲁木齐市 乌鲁木齐县
68%
云南省 文山壮族苗族自治州 马关县
68%
浙江省 杭州市 临平区
68%
浙江省 嘉兴市 海盐县
68%
重庆市 重庆市 石柱土家族自治县
68%
重庆市 重庆市 渝中区
68%
安徽省 滁州市 明光市
67%
安徽省 合肥市 长丰县
67%
安徽省 马鞍山市 博望区
67%
北京市 北京市 石景山区
67%
广东省 佛山市 三水区
67%
广东省 河源市 龙川县
67%
广东省 汕尾市 陆河县
67%
广东省 湛江市 徐闻县
67%
贵州省 贵阳市 清镇市
67%
海南省 海南省 陵水黎族自治县
67%
河北省 保定市 安新县
67%
河北省 保定市 高碑店市
67%
河北省 承德市 丰宁满族自治县
67%
河北省 石家庄市 桥西区
67%
河北省 唐山市 玉田县
67%
湖北省 湖北省 潜江市
67%
湖南省 岳阳市 临湘市
67%
吉林省 长春市 南关区
67%
江苏省 淮安市 淮阴区
67%
江苏省 镇江市 京口区
67%
江西省 景德镇市 浮梁县
67%
江西省 上饶市 余干县
67%
辽宁省 朝阳市 喀喇沁左翼蒙古族自治县
67%
辽宁省 大连市 瓦房店市
67%
辽宁省 辽阳市 灯塔市
67%
辽宁省 沈阳市 新民市
67%
宁夏回族自治区 吴忠市 青铜峡市
67%
宁夏回族自治区 银川市 永宁县
67%
青海省 玉树藏族自治州 玉树市
67%
青海省 玉树藏族自治州 杂多县
67%
山东省 烟台市 蓬莱区
67%
山西省 运城市 垣曲县
67%
陕西省 渭南市 华州区
67%
陕西省 西安市 新城区
67%
四川省 成都市 金牛区
67%
西藏自治区 昌都市 江达县
67%
新疆维吾尔自治区 克拉玛依市 克拉玛依区
67%
新疆维吾尔自治区 塔城地区 和布克赛尔蒙古自治县
67%
云南省 迪庆藏族自治州 香格里拉市
67%
浙江省 杭州市 桐庐县
67%
浙江省 湖州市 吴兴区
67%
浙江省 嘉兴市 桐乡市
67%
浙江省 嘉兴市 海宁市
67%
浙江省 宁波市 奉化区
67%
浙江省 绍兴市 嵊州市
67%
重庆市 重庆市 万州区
67%
安徽省 滁州市 定远县
66%
福建省 厦门市 同安区
66%
广东省 河源市 连平县
66%
广东省 清远市 清城区
66%
广东省 深圳市 盐田区
66%
广东省 阳江市 阳春市
66%
广东省 湛江市 雷州市
66%
海南省 海南省 屯昌县
66%
海南省 三亚市 天涯区
66%
河北省 沧州市 沧县
66%
河北省 唐山市 丰润区
66%
河南省 郑州市 中原区
66%
河南省 郑州市 荥阳市
66%
湖北省 湖北省 天门市
66%
湖北省 荆门市 沙洋县
66%
湖北省 襄阳市 谷城县
66%
湖北省 襄阳市 襄州区
66%
湖北省 襄阳市 老河口市
66%
湖南省 娄底市 双峰县
66%
吉林省 延边朝鲜族自治州 安图县
66%
吉林省 延边朝鲜族自治州 龙井市
66%
江苏省 连云港市 东海县
66%
江苏省 宿迁市 泗洪县
66%
江西省 赣州市 龙南市
66%
江西省 赣州市 定南县
66%
辽宁省 大连市 甘井子区
66%
辽宁省 葫芦岛市 绥中县
66%
辽宁省 沈阳市 浑南区
66%
山东省 滨州市 沾化区
66%
山东省 临沂市 沂南县
66%
山东省 烟台市 龙口市
66%
山东省 枣庄市 山亭区
66%
山东省 淄博市 沂源县
66%
陕西省 西安市 莲湖区
66%
四川省 成都市 金堂县
66%
四川省 甘孜藏族自治州 雅江县
66%
四川省 绵阳市 平武县
66%
新疆维吾尔自治区 和田地区 洛浦县
66%
新疆维吾尔自治区 和田地区 和田县
66%
新疆维吾尔自治区 喀什地区 疏勒县
66%
新疆维吾尔自治区 塔城地区 乌苏市
66%
新疆维吾尔自治区 乌鲁木齐市 达坂城区
66%
云南省 迪庆藏族自治州 维西傈僳族自治县
66%
浙江省 绍兴市 上虞区
66%
重庆市 重庆市 奉节县
66%
安徽省 六安市 金安区
65%
安徽省 马鞍山市 花山区
65%
安徽省 宣城市 郎溪县
65%
福建省 福州市 罗源县
65%
福建省 龙岩市 上杭县
65%
福建省 南平市 浦城县
65%
甘肃省 白银市 景泰县
65%
甘肃省 酒泉市 肃州区
65%
甘肃省 张掖市 甘州区
65%
广东省 揭阳市 普宁市
65%
广东省 茂名市 高州市
65%
广东省 清远市 阳山县
65%
广东省 云浮市 新兴县
65%
广东省 湛江市 遂溪县
65%
海南省 海南省 万宁市
65%
河北省 沧州市 任丘市
65%
河北省 邯郸市 武安市
65%
河北省 石家庄市 裕华区
65%
河北省 石家庄市 辛集市
65%
河北省 唐山市 迁西县
65%
河北省 唐山市 滦南县
65%
河北省 张家口市 宣化区
65%
河南省 开封市 鼓楼区
65%
河南省 开封市 顺河回族区
65%
河南省 开封市 禹王台区
65%
河南省 南阳市 淅川县
65%
河南省 三门峡市 灵宝市
65%
河南省 商丘市 民权县
65%
黑龙江省 哈尔滨市 双城区
65%
黑龙江省 哈尔滨市 五常市
65%
黑龙江省 黑河市 北安市
65%
黑龙江省 黑河市 五大连池市
65%
黑龙江省 黑河市 孙吴县
65%
黑龙江省 佳木斯市 桦川县
65%
湖北省 恩施土家族苗族自治州 建始县
65%
湖北省 黄冈市 红安县
65%
湖北省 荆门市 钟祥市
65%
湖北省 荆州市 松滋市
65%
湖北省 武汉市 汉南区
65%
湖北省 武汉市 新洲区
65%
湖南省 益阳市 沅江市
65%
吉林省 四平市 梨树县
65%
江苏省 淮安市 淮安区
65%
江苏省 连云港市 连云区
65%
江苏省 宿迁市 宿豫区
65%
江苏省 盐城市 东台市
65%
江苏省 扬州市 广陵区
65%
江西省 九江市 柴桑区
65%
江西省 九江市 都昌县
65%
江西省 上饶市 广丰区
65%
江西省 宜春市 丰城市
65%
辽宁省 鞍山市 铁西区
65%
辽宁省 鞍山市 海城市
65%
辽宁省 朝阳市 建平县
65%
辽宁省 大连市 西岗区
65%
辽宁省 阜新市 阜新蒙古族自治县
65%
辽宁省 沈阳市 辽中区
65%
内蒙古自治区 赤峰市 敖汉旗
65%
内蒙古自治区 鄂尔多斯市 鄂托克旗
65%
内蒙古自治区 呼伦贝尔市 满洲里市
65%
宁夏回族自治区 银川市 西夏区
65%
宁夏回族自治区 中卫市 中宁县
65%
山东省 东营市 广饶县
65%
山东省 东营市 垦利区
65%
山东省 济南市 历下区
65%
山东省 济宁市 兖州区
65%
山东省 聊城市 莘县
65%
山东省 青岛市 市北区
65%
山东省 青岛市 李沧区
65%
山东省 日照市 莒县
65%
山东省 威海市 文登区
65%
山东省 烟台市 牟平区
65%
山东省 淄博市 博山区
65%
山东省 淄博市 淄川区
65%
山西省 阳泉市 平定县
65%
陕西省 榆林市 佳县
65%
四川省 阿坝藏族羌族自治州 红原县
65%
四川省 成都市 成华区
65%
四川省 甘孜藏族自治州 得荣县
65%
四川省 雅安市 芦山县
65%
天津市 天津市 北辰区
65%
西藏自治区 阿里地区 改则县
65%
西藏自治区 阿里地区 革吉县
65%
香港特别行政区 香港特别行政区 北区
65%
香港特别行政区 香港特别行政区 元朗区
65%
新疆维吾尔自治区 阿克苏地区 新和县
65%
新疆维吾尔自治区 阿勒泰地区 阿勒泰市
65%
新疆维吾尔自治区 博尔塔拉蒙古自治州 博乐市
65%
新疆维吾尔自治区 吐鲁番市 鄯善县
65%
新疆维吾尔自治区 新疆维吾尔自治区 胡杨河市
65%
新疆维吾尔自治区 新疆维吾尔自治区 北屯市
65%
云南省 红河哈尼族彝族自治州 河口瑶族自治县
65%
云南省 昆明市 西山区
65%
重庆市 重庆市 忠县
65%
重庆市 重庆市 九龙坡区
65%
安徽省 合肥市 包河区
64%
安徽省 马鞍山市 当涂县
64%
福建省 福州市 台江区
64%
福建省 南平市 延平区
64%
福建省 漳州市 长泰区
64%
广东省 惠州市 惠东县
64%
贵州省 贵阳市 修文县
64%
河北省 保定市 涞源县
64%
河北省 保定市 唐县
64%
河北省 邯郸市 魏县
64%
河北省 衡水市 深州市
64%
河北省 衡水市 冀州区
64%
河北省 邢台市 宁晋县
64%
河南省 开封市 尉氏县
64%
河南省 洛阳市 洛宁县
64%
黑龙江省 哈尔滨市 宾县
64%
湖北省 荆州市 公安县
64%
湖北省 咸宁市 咸安区
64%
湖南省 常德市 汉寿县
64%
湖南省 衡阳市 衡南县
64%
湖南省 湘西土家族苗族自治州 泸溪县
64%
湖南省 长沙市 天心区
64%
湖南省 株洲市 石峰区
64%
江苏省 淮安市 清江浦区
64%
江西省 九江市 濂溪区
64%
江西省 九江市 永修县
64%
辽宁省 鞍山市 岫岩满族自治县
64%
辽宁省 鞍山市 千山区
64%
辽宁省 铁岭市 开原市
64%
内蒙古自治区 阿拉善盟 额济纳旗
64%
内蒙古自治区 呼伦贝尔市 鄂温克族自治旗
64%
内蒙古自治区 呼伦贝尔市 扎赉诺尔区
64%
宁夏回族自治区 中卫市 沙坡头区
64%
青海省 海西蒙古族藏族自治州 大柴旦行政委员会
64%
山东省 济宁市 曲阜市
64%
山东省 临沂市 临沭县
64%
山东省 潍坊市 青州市
64%
山西省 吕梁市 兴县
64%
山西省 运城市 芮城县
64%
陕西省 渭南市 大荔县
64%
陕西省 西安市 临潼区
64%
四川省 成都市 大邑县
64%
四川省 甘孜藏族自治州 新龙县
64%
四川省 乐山市 沙湾区
64%
四川省 乐山市 峨眉山市
64%
四川省 绵阳市 江油市
64%
四川省 内江市 资中县
64%
四川省 资阳市 乐至县
64%
西藏自治区 昌都市 卡若区
64%
新疆维吾尔自治区 昌吉回族自治州 玛纳斯县
64%
云南省 迪庆藏族自治州 德钦县
64%
浙江省 湖州市 德清县
64%
浙江省 宁波市 宁海县
64%
浙江省 衢州市 常山县
64%
浙江省 绍兴市 新昌县
64%
浙江省 舟山市 定海区
64%
重庆市 重庆市 丰都县
64%
重庆市 重庆市 合川区
64%
安徽省 宣城市 泾县
63%
福建省 泉州市 晋江市
63%
甘肃省 甘南藏族自治州 玛曲县
63%
甘肃省 张掖市 山丹县
63%
广东省 佛山市 禅城区
63%
广东省 茂名市 电白区
63%
广东省 汕尾市 陆丰市
63%
河北省 秦皇岛市 海港区
63%
河南省 新乡市 卫辉市
63%
黑龙江省 哈尔滨市 阿城区
63%
黑龙江省 鹤岗市 向阳区
63%
黑龙江省 黑河市 逊克县
63%
湖南省 岳阳市 华容县
63%
江苏省 盐城市 建湖县
63%
辽宁省 铁岭市 昌图县
63%
内蒙古自治区 呼伦贝尔市 新巴尔虎右旗
63%
宁夏回族自治区 银川市 贺兰县
63%
青海省 玉树藏族自治州 称多县
63%
山东省 菏泽市 定陶区
63%
山东省 济宁市 金乡县
63%
山东省 济宁市 泗水县
63%
山东省 济宁市 任城区
63%
山东省 日照市 岚山区
63%
山东省 威海市 环翠区
63%
山东省 潍坊市 临朐县
63%
山西省 吕梁市 临县
63%
陕西省 渭南市 潼关县
63%
陕西省 西安市 碑林区
63%
四川省 阿坝藏族羌族自治州 阿坝县
63%
四川省 阿坝藏族羌族自治州 若尔盖县
63%
四川省 甘孜藏族自治州 道孚县
63%
西藏自治区 林芝市 墨脱县
63%
香港特别行政区 香港特别行政区 大埔区
63%
新疆维吾尔自治区 阿克苏地区 阿瓦提县
63%
新疆维吾尔自治区 阿克苏地区 阿克苏市
63%
新疆维吾尔自治区 博尔塔拉蒙古自治州 精河县
63%
新疆维吾尔自治区 新疆维吾尔自治区 阿拉尔市
63%
云南省 红河哈尼族彝族自治州 元阳县
63%
浙江省 嘉兴市 南湖区
63%
浙江省 衢州市 衢江区
63%
浙江省 台州市 天台县
63%
安徽省 铜陵市 铜官区
62%
安徽省 芜湖市 鸠江区
62%
安徽省 宣城市 宣州区
62%
福建省 南平市 武夷山市
62%
福建省 三明市 三元区
62%
福建省 三明市 大田县
62%
广东省 梅州市 丰顺县
62%
广东省 湛江市 廉江市
62%
广西壮族自治区 桂林市 临桂区
62%
贵州省 黔南布依族苗族自治州 独山县
62%
海南省 三亚市 吉阳区
62%
河北省 保定市 清苑区
62%
河北省 保定市 定州市
62%
河北省 秦皇岛市 山海关区
62%
河北省 唐山市 乐亭县
62%
黑龙江省 哈尔滨市 依兰县
62%
黑龙江省 哈尔滨市 道外区
62%
黑龙江省 鹤岗市 兴安区
62%
黑龙江省 鹤岗市 工农区
62%
黑龙江省 佳木斯市 桦南县
62%
黑龙江省 牡丹江市 海林市
62%
湖北省 恩施土家族苗族自治州 鹤峰县
62%
湖北省 黄冈市 麻城市
62%
湖北省 荆门市 京山市
62%
湖北省 荆州市 荆州区
62%
湖北省 荆州市 沙市区
62%
湖北省 荆州市 江陵县
62%
湖北省 武汉市 江夏区
62%
湖北省 襄阳市 宜城市
62%
湖北省 孝感市 大悟县
62%
湖南省 常德市 桃源县
62%
湖南省 衡阳市 祁东县
62%
湖南省 衡阳市 衡山县
62%
湖南省 湘潭市 湘乡市
62%
湖南省 湘西土家族苗族自治州 花垣县
62%
湖南省 株洲市 茶陵县
62%
江苏省 泰州市 高港区
62%
江西省 吉安市 永新县
62%
江西省 景德镇市 乐平市
62%
江西省 南昌市 进贤县
62%
江西省 上饶市 鄱阳县
62%
辽宁省 丹东市 凤城市
62%
辽宁省 沈阳市 沈河区
62%
内蒙古自治区 乌海市 海南区
62%
内蒙古自治区 锡林郭勒盟 苏尼特右旗
62%
宁夏回族自治区 石嘴山市 惠农区
62%
青海省 玉树藏族自治州 囊谦县
62%
山东省 德州市 临邑县
62%
山东省 东营市 河口区
62%
山东省 菏泽市 郓城县
62%
山东省 济南市 槐荫区
62%
山东省 临沂市 沂水县
62%
山东省 潍坊市 昌邑市
62%
山东省 烟台市 招远市
62%
山东省 烟台市 海阳市
62%
山东省 烟台市 莱州市
62%
陕西省 商洛市 商州区
62%
陕西省 渭南市 华阴市
62%
陕西省 榆林市 榆阳区
62%
陕西省 榆林市 府谷县
62%
陕西省 榆林市 神木市
62%
四川省 阿坝藏族羌族自治州 马尔康市
62%
四川省 成都市 新津区
62%
四川省 乐山市 夹江县
62%
四川省 凉山彝族自治州 盐源县
62%
四川省 眉山市 彭山区
62%
四川省 内江市 威远县
62%
西藏自治区 林芝市 波密县
62%
新疆维吾尔自治区 喀什地区 伽师县
62%
新疆维吾尔自治区 克孜勒苏柯尔克孜自治州 阿图什市
62%
新疆维吾尔自治区 伊犁哈萨克自治州 霍城县
62%
云南省 楚雄彝族自治州 禄丰市
62%
重庆市 重庆市 梁平区
62%
重庆市 重庆市 荣昌区
62%
安徽省 蚌埠市 五河县
61%
安徽省 池州市 石台县
61%
安徽省 黄山市 徽州区
61%
安徽省 宿州市 埇桥区
61%
福建省 福州市 永泰县
61%
福建省 龙岩市 长汀县
61%
福建省 南平市 顺昌县
61%
福建省 宁德市 古田县
61%
福建省 泉州市 金门县
61%
福建省 泉州市 丰泽区
61%
福建省 三明市 明溪县
61%
福建省 漳州市 平和县
61%
甘肃省 甘南藏族自治州 碌曲县
61%
甘肃省 兰州市 安宁区
61%
甘肃省 兰州市 七里河区
61%
甘肃省 张掖市 高台县
61%
广东省 广州市 海珠区
61%
广东省 江门市 恩平市
61%
广东省 揭阳市 惠来县
61%
广东省 茂名市 茂南区
61%
广东省 梅州市 梅县区
61%
广东省 梅州市 兴宁市
61%
广东省 清远市 连南瑶族自治县
61%
广东省 肇庆市 怀集县
61%
广东省 肇庆市 高要区
61%
广西壮族自治区 桂林市 雁山区
61%
广西壮族自治区 桂林市 灵川县
61%
贵州省 黔南布依族苗族自治州 三都水族自治县
61%
河北省 保定市 高阳县
61%
河北省 承德市 宽城满族自治县
61%
河北省 邯郸市 临漳县
61%
河北省 秦皇岛市 青龙满族自治县
61%
河北省 石家庄市 深泽县
61%
河北省 邢台市 南宫市
61%
河南省 焦作市 武陟县
61%
河南省 商丘市 永城市
61%
河南省 新乡市 原阳县
61%
黑龙江省 哈尔滨市 尚志市
61%
黑龙江省 佳木斯市 郊区
61%
黑龙江省 佳木斯市 东风区
61%
黑龙江省 齐齐哈尔市 讷河市
61%
黑龙江省 齐齐哈尔市 克东县
61%
黑龙江省 双鸭山市 集贤县
61%
湖北省 鄂州市 华容区
61%
湖北省 恩施土家族苗族自治州 咸丰县
61%
湖北省 十堰市 郧阳区
61%
湖北省 襄阳市 保康县
61%
湖南省 常德市 石门县
61%
湖南省 常德市 安乡县
61%
湖南省 常德市 鼎城区
61%
湖南省 衡阳市 衡阳县
61%
湖南省 衡阳市 衡东县
61%
湖南省 怀化市 沅陵县
61%
湖南省 湘潭市 岳塘区
61%
湖南省 湘西土家族苗族自治州 凤凰县
61%
湖南省 益阳市 安化县
61%
湖南省 永州市 江华瑶族自治县
61%
江苏省 连云港市 灌南县
61%
江苏省 宿迁市 泗阳县
61%
江苏省 徐州市 新沂市
61%
江苏省 盐城市 大丰区
61%
江苏省 盐城市 亭湖区
61%
江西省 赣州市 瑞金市
61%
江西省 九江市 庐山市
61%
江西省 上饶市 铅山县
61%
辽宁省 鞍山市 铁东区
61%
辽宁省 鞍山市 立山区
61%
辽宁省 大连市 庄河市
61%
内蒙古自治区 鄂尔多斯市 鄂托克前旗
61%
内蒙古自治区 呼伦贝尔市 陈巴尔虎旗
61%
内蒙古自治区 锡林郭勒盟 苏尼特左旗
61%
青海省 海南藏族自治州 共和县
61%
青海省 西宁市 大通回族土族自治县
61%
青海省 西宁市 湟中区
61%
山东省 德州市 齐河县
61%
山东省 菏泽市 鄄城县
61%
山东省 聊城市 阳谷县
61%
山东省 青岛市 市南区
61%
山东省 威海市 荣成市
61%
山东省 威海市 乳山市
61%
山东省 潍坊市 昌乐县
61%
山东省 潍坊市 寿光市
61%
山东省 枣庄市 台儿庄区
61%
山西省 晋城市 阳城县
61%
山西省 朔州市 怀仁市
61%
四川省 阿坝藏族羌族自治州 松潘县
61%
四川省 阿坝藏族羌族自治州 壤塘县
61%
四川省 达州市 开江县
61%
四川省 甘孜藏族自治州 丹巴县
61%
四川省 甘孜藏族自治州 理塘县
61%
四川省 甘孜藏族自治州 白玉县
61%
四川省 广元市 青川县
61%
四川省 乐山市 井研县
61%
四川省 凉山彝族自治州 德昌县
61%
四川省 泸州市 合江县
61%
四川省 绵阳市 北川羌族自治县
61%
四川省 绵阳市 安州区
61%
四川省 攀枝花市 仁和区
61%
四川省 雅安市 天全县
61%
四川省 宜宾市 翠屏区
61%
四川省 资阳市 雁江区
61%
天津市 天津市 红桥区
61%
西藏自治区 阿里地区 噶尔县
61%
西藏自治区 林芝市 巴宜区
61%
西藏自治区 林芝市 米林市
61%
西藏自治区 山南市 隆子县
61%
新疆维吾尔自治区 阿勒泰地区 吉木乃县
61%
新疆维吾尔自治区 巴音郭楞蒙古自治州 焉耆回族自治县
61%
新疆维吾尔自治区 巴音郭楞蒙古自治州 博湖县
61%
新疆维吾尔自治区 喀什地区 喀什市
61%
新疆维吾尔自治区 塔城地区 托里县
61%
新疆维吾尔自治区 吐鲁番市 托克逊县
61%
新疆维吾尔自治区 乌鲁木齐市 米东区
61%
新疆维吾尔自治区 乌鲁木齐市 头屯河区
61%
新疆维吾尔自治区 新疆维吾尔自治区 可克达拉市
61%
云南省 保山市 隆阳区
61%
云南省 大理白族自治州 鹤庆县
61%
云南省 红河哈尼族彝族自治州 蒙自市
61%
云南省 红河哈尼族彝族自治州 建水县
61%
云南省 昆明市 晋宁区
61%
云南省 怒江傈僳族自治州 泸水市
61%
浙江省 丽水市 青田县
61%
浙江省 衢州市 江山市
61%
浙江省 温州市 鹿城区
61%
重庆市 重庆市 垫江县
61%
重庆市 重庆市 北碚区
61%
重庆市 重庆市 璧山区
61%
重庆市 重庆市 江津区
61%
重庆市 重庆市 长寿区
61%
重庆市 重庆市 永川区
61%
安徽省 六安市 金寨县
60%
安徽省 马鞍山市 雨山区
60%
安徽省 宿州市 灵璧县
60%
福建省 福州市 马尾区
60%
福建省 南平市 光泽县
60%
福建省 三明市 尤溪县
60%
甘肃省 甘南藏族自治州 卓尼县
60%
甘肃省 陇南市 武都区
60%
甘肃省 武威市 古浪县
60%
广东省 潮州市 潮安区
60%
广东省 茂名市 化州市
60%
广东省 梅州市 大埔县
60%
广东省 清远市 英德市
60%
广东省 韶关市 新丰县
60%
广东省 湛江市 麻章区
60%
广西壮族自治区 柳州市 城中区
60%
广西壮族自治区 玉林市 北流市
60%
贵州省 贵阳市 乌当区
60%
贵州省 六盘水市 水城区
60%
贵州省 铜仁市 碧江区
60%
海南省 海口市 秀英区
60%
海南省 三亚市 崖州区
60%
河北省 沧州市 河间市
60%
河北省 衡水市 故城县
60%
河北省 廊坊市 大城县
60%
河北省 石家庄市 无极县
60%
河北省 唐山市 曹妃甸区
60%
河南省 平顶山市 汝州市
60%
河南省 新乡市 长垣市
60%
河南省 新乡市 辉县市
60%
河南省 信阳市 新县
60%
河南省 许昌市 长葛市
60%
黑龙江省 佳木斯市 向阳区
60%
黑龙江省 牡丹江市 穆棱市
60%
黑龙江省 双鸭山市 友谊县
60%
湖北省 十堰市 丹江口市
60%
湖北省 随州市 随县
60%
湖北省 咸宁市 崇阳县
60%
湖北省 襄阳市 襄城区
60%
湖南省 湘潭市 韶山市
60%
湖南省 湘潭市 雨湖区
60%
湖南省 湘西土家族苗族自治州 吉首市
60%
江苏省 盐城市 盐都区
60%
江苏省 镇江市 润州区
60%
江西省 吉安市 遂川县
60%
江西省 吉安市 泰和县
60%
江西省 上饶市 广信区
60%
辽宁省 大连市 旅顺口区
60%
内蒙古自治区 呼伦贝尔市 牙克石市
60%
青海省 海西蒙古族藏族自治州 乌兰县
60%
青海省 海西蒙古族藏族自治州 德令哈市
60%
山东省 济宁市 汶上县
60%
山东省 聊城市 东阿县
60%
山东省 临沂市 兰山区
60%
山东省 泰安市 东平县
60%
山东省 潍坊市 坊子区
60%
山东省 淄博市 临淄区
60%
山西省 运城市 平陆县
60%
陕西省 商洛市 商南县
60%
陕西省 延安市 宜川县
60%
四川省 阿坝藏族羌族自治州 九寨沟县
60%
四川省 广安市 华蓥市
60%
四川省 广元市 剑阁县
60%
四川省 攀枝花市 盐边县
60%
台湾省 台湾省 新竹市
60%
西藏自治区 林芝市 察隅县
60%
香港特别行政区 香港特别行政区 荃湾区
60%
新疆维吾尔自治区 喀什地区 巴楚县
60%
云南省 保山市 龙陵县
60%
云南省 昆明市 呈贡区
60%
云南省 曲靖市 富源县
60%
浙江省 杭州市 建德市
60%
浙江省 金华市 磐安县
60%
浙江省 衢州市 开化县
60%
重庆市 重庆市 彭水苗族土家族自治县
60%
重庆市 重庆市 酉阳土家族苗族自治县
60%
重庆市 重庆市 涪陵区
60%
重庆市 重庆市 铜梁区
60%
安徽省 安庆市 宿松县
59%
安徽省 合肥市 瑶海区
59%
安徽省 六安市 裕安区
59%
安徽省 宣城市 旌德县
59%
福建省 南平市 建阳区
59%
福建省 莆田市 仙游县
59%
福建省 泉州市 鲤城区
59%
福建省 三明市 将乐县
59%
甘肃省 甘南藏族自治州 迭部县
59%
甘肃省 甘南藏族自治州 夏河县
59%
甘肃省 陇南市 文县
59%
甘肃省 张掖市 民乐县
59%
广东省 揭阳市 揭西县
59%
贵州省 贵阳市 观山湖区
59%
贵州省 贵阳市 云岩区
59%
贵州省 六盘水市 盘州市
59%
贵州省 黔南布依族苗族自治州 平塘县
59%
河北省 保定市 曲阳县
59%
河北省 保定市 徐水区
59%
河北省 秦皇岛市 昌黎县
59%
河北省 张家口市 蔚县
59%
河南省 焦作市 修武县
59%
河南省 平顶山市 鲁山县
59%
河南省 濮阳市 台前县
59%
河南省 三门峡市 卢氏县
59%
河南省 信阳市 商城县
59%
黑龙江省 哈尔滨市 松北区
59%
湖北省 恩施土家族苗族自治州 恩施市
59%
湖北省 荆州市 石首市
59%
湖北省 咸宁市 通城县
59%
湖北省 咸宁市 嘉鱼县
59%
湖南省 郴州市 宜章县
59%
湖南省 张家界市 慈利县
59%
湖南省 长沙市 岳麓区
59%
吉林省 通化市 通化县
59%
江苏省 无锡市 新吴区
59%
江西省 赣州市 石城县
59%
江西省 赣州市 于都县
59%
江西省 赣州市 宁都县
59%
江西省 九江市 湖口县
59%
江西省 上饶市 婺源县
59%
江西省 宜春市 袁州区
59%
辽宁省 本溪市 本溪满族自治县
59%
辽宁省 锦州市 义县
59%
辽宁省 锦州市 太和区
59%
内蒙古自治区 鄂尔多斯市 伊金霍洛旗
59%
内蒙古自治区 鄂尔多斯市 乌审旗
59%
内蒙古自治区 乌海市 海勃湾区
59%
青海省 西宁市 城东区
59%
青海省 西宁市 城中区
59%
青海省 西宁市 城北区
59%
山东省 菏泽市 成武县
59%
山东省 枣庄市 滕州市
59%
山西省 太原市 万柏林区
59%
山西省 忻州市 代县
59%
四川省 乐山市 五通桥区
59%
四川省 凉山彝族自治州 西昌市
59%
四川省 凉山彝族自治州 昭觉县
59%
四川省 眉山市 青神县
59%
四川省 攀枝花市 东区
59%
四川省 资阳市 安岳县
59%
西藏自治区 拉萨市 堆龙德庆区
59%
香港特别行政区 香港特别行政区 东区
59%
新疆维吾尔自治区 阿克苏地区 柯坪县
59%
新疆维吾尔自治区 阿勒泰地区 布尔津县
59%
新疆维吾尔自治区 巴音郭楞蒙古自治州 库尔勒市
59%
新疆维吾尔自治区 塔城地区 塔城市
59%
新疆维吾尔自治区 乌鲁木齐市 新市区
59%
云南省 大理白族自治州 洱源县
59%
云南省 大理白族自治州 漾濞彝族自治县
59%
云南省 德宏傣族景颇族自治州 梁河县
59%
云南省 昆明市 官渡区
59%
浙江省 台州市 黄岩区
59%
浙江省 温州市 乐清市
59%
浙江省 温州市 永嘉县
59%
重庆市 重庆市 武隆区
59%
安徽省 亳州市 谯城区
58%
福建省 莆田市 涵江区
58%
福建省 三明市 沙县区
58%
福建省 厦门市 集美区
58%
甘肃省 白银市 会宁县
58%
甘肃省 金昌市 永昌县
58%
甘肃省 金昌市 金川区
58%
甘肃省 天水市 麦积区
58%
甘肃省 张掖市 临泽县
58%
广东省 湛江市 吴川市
58%
广东省 肇庆市 广宁县
58%
广西壮族自治区 桂林市 秀峰区
58%
广西壮族自治区 桂林市 七星区
58%
贵州省 黔东南苗族侗族自治州 雷山县
58%
贵州省 黔东南苗族侗族自治州 丹寨县
58%
贵州省 黔西南布依族苗族自治州 普安县
58%
河北省 保定市 容城县
58%
河北省 保定市 安国市
58%
河北省 沧州市 南皮县
58%
河北省 沧州市 孟村回族自治县
58%
河北省 秦皇岛市 卢龙县
58%
河北省 秦皇岛市 抚宁区
58%
河北省 唐山市 迁安市
58%
河北省 唐山市 古冶区
58%
河北省 邢台市 临西县
58%
河南省 鹤壁市 鹤山区
58%
河南省 洛阳市 伊川县
58%
河南省 濮阳市 范县
58%
河南省 新乡市 封丘县
58%
河南省 郑州市 惠济区
58%
黑龙江省 佳木斯市 前进区
58%
湖北省 孝感市 孝南区
58%
湖南省 郴州市 安仁县
58%
江西省 赣州市 信丰县
58%
江西省 吉安市 井冈山市
58%
江西省 上饶市 德兴市
58%
江西省 上饶市 玉山县
58%
辽宁省 大连市 中山区
58%
辽宁省 铁岭市 西丰县
58%
内蒙古自治区 呼和浩特市 武川县
58%
内蒙古自治区 呼伦贝尔市 鄂伦春自治旗
58%
内蒙古自治区 锡林郭勒盟 正蓝旗
58%
青海省 海东市 互助土族自治县
58%
山东省 临沂市 蒙阴县
58%
山东省 临沂市 罗庄区
58%
山西省 太原市 清徐县
58%
山西省 长治市 平顺县
58%
陕西省 咸阳市 兴平市
58%
陕西省 榆林市 靖边县
58%
四川省 甘孜藏族自治州 泸定县
58%
四川省 甘孜藏族自治州 巴塘县
58%
西藏自治区 山南市 错那市
58%
新疆维吾尔自治区 和田地区 和田市
58%
新疆维吾尔自治区 克孜勒苏柯尔克孜自治州 阿克陶县
58%
新疆维吾尔自治区 新疆维吾尔自治区 五家渠市
58%
新疆维吾尔自治区 伊犁哈萨克自治州 尼勒克县
58%
云南省 德宏傣族景颇族自治州 陇川县
58%
云南省 昆明市 盘龙区
58%
云南省 怒江傈僳族自治州 兰坪白族普米族自治县
58%
浙江省 丽水市 遂昌县
58%
重庆市 重庆市 潼南区
58%
安徽省 池州市 青阳县
57%
安徽省 阜阳市 颍上县
57%
安徽省 六安市 霍邱县
57%
安徽省 芜湖市 繁昌区
57%
安徽省 宿州市 泗县
57%
福建省 福州市 福清市
57%
福建省 福州市 长乐区
57%
福建省 泉州市 永春县
57%
福建省 泉州市 洛江区
57%
甘肃省 甘南藏族自治州 舟曲县
57%
广东省 揭阳市 榕城区
57%
广东省 茂名市 信宜市
57%
广东省 清远市 清新区
57%
广东省 汕头市 潮阳区
57%
广东省 韶关市 乳源瑶族自治县
57%
广东省 阳江市 阳西县
57%
广东省 云浮市 云安区
57%
广西壮族自治区 北海市 合浦县
57%
广西壮族自治区 桂林市 象山区
57%
广西壮族自治区 桂林市 全州县
57%
贵州省 毕节市 金沙县
57%
贵州省 黔东南苗族侗族自治州 黄平县
57%
贵州省 黔东南苗族侗族自治州 台江县
57%
贵州省 黔东南苗族侗族自治州 麻江县
57%
贵州省 黔东南苗族侗族自治州 凯里市
57%
贵州省 黔南布依族苗族自治州 都匀市
57%
贵州省 遵义市 习水县
57%
河北省 保定市 定兴县
57%
河北省 承德市 隆化县
57%
河北省 邯郸市 馆陶县
57%
河北省 邯郸市 大名县
57%
河北省 邯郸市 复兴区
57%
河北省 石家庄市 井陉县
57%
河北省 唐山市 开平区
57%
河北省 张家口市 崇礼区
57%
河北省 张家口市 沽源县
57%
河南省 安阳市 龙安区
57%
河南省 安阳市 北关区
57%
河南省 安阳市 内黄县
57%
河南省 安阳市 滑县
57%
河南省 鹤壁市 淇滨区
57%
河南省 焦作市 温县
57%
河南省 洛阳市 宜阳县
57%
河南省 平顶山市 郏县
57%
河南省 三门峡市 陕州区
57%
河南省 三门峡市 渑池县
57%
河南省 商丘市 虞城县
57%
河南省 新乡市 延津县
57%
河南省 信阳市 淮滨县
57%
河南省 信阳市 固始县
57%
河南省 许昌市 襄城县
57%
河南省 郑州市 登封市
57%
黑龙江省 哈尔滨市 呼兰区
57%
黑龙江省 哈尔滨市 道里区
57%
黑龙江省 牡丹江市 宁安市
57%
黑龙江省 双鸭山市 饶河县
57%
黑龙江省 绥化市 肇东市
57%
湖北省 武汉市 硚口区
57%
湖北省 襄阳市 樊城区
57%
湖北省 孝感市 孝昌县
57%
湖北省 孝感市 应城市
57%
湖南省 常德市 澧县
57%
湖南省 常德市 临澧县
57%
湖南省 怀化市 麻阳苗族自治县
57%
湖南省 娄底市 涟源市
57%
湖南省 株洲市 炎陵县
57%
吉林省 松原市 扶余市
57%
吉林省 长春市 农安县
57%
江苏省 宿迁市 宿城区
57%
江西省 赣州市 南康区
57%
江西省 赣州市 会昌县
57%
江西省 萍乡市 上栗县
57%
江西省 宜春市 铜鼓县
57%
辽宁省 本溪市 溪湖区
57%
辽宁省 丹东市 东港市
57%
辽宁省 沈阳市 法库县
57%
辽宁省 铁岭市 铁岭县
57%
内蒙古自治区 赤峰市 克什克腾旗
57%
内蒙古自治区 通辽市 科尔沁左翼后旗
57%
内蒙古自治区 乌海市 乌达区
57%
内蒙古自治区 乌兰察布市 卓资县
57%
宁夏回族自治区 银川市 兴庆区
57%
山东省 滨州市 博兴县
57%
山东省 滨州市 惠民县
57%
山东省 滨州市 邹平市
57%
山东省 德州市 平原县
57%
山东省 德州市 夏津县
57%
山东省 济宁市 梁山县
57%
山东省 聊城市 高唐县
57%
山东省 聊城市 东昌府区
57%
山东省 聊城市 临清市
57%
山东省 淄博市 周村区
57%
山西省 吕梁市 文水县
57%
山西省 朔州市 山阴县
57%
山西省 太原市 阳曲县
57%
山西省 长治市 壶关县
57%
陕西省 宝鸡市 陈仓区
57%
陕西省 渭南市 蒲城县
57%
陕西省 西安市 周至县
57%
陕西省 延安市 宝塔区
57%
陕西省 延安市 富县
57%
陕西省 延安市 子长市
57%
四川省 阿坝藏族羌族自治州 金川县
57%
四川省 达州市 宣汉县
57%
四川省 德阳市 什邡市
57%
四川省 凉山彝族自治州 普格县
57%
四川省 凉山彝族自治州 喜德县
57%
四川省 泸州市 泸县
57%
四川省 绵阳市 梓潼县
57%
四川省 南充市 南部县
57%
西藏自治区 山南市 扎囊县
57%
西藏自治区 山南市 贡嘎县
57%
香港特别行政区 香港特别行政区 南区
57%
新疆维吾尔自治区 巴音郭楞蒙古自治州 轮台县
57%
新疆维吾尔自治区 克拉玛依市 白碱滩区
57%
新疆维吾尔自治区 乌鲁木齐市 天山区
57%
新疆维吾尔自治区 伊犁哈萨克自治州 伊宁县
57%
云南省 保山市 腾冲市
57%
云南省 大理白族自治州 大理市
57%
云南省 德宏傣族景颇族自治州 芒市
57%
云南省 德宏傣族景颇族自治州 瑞丽市
57%
云南省 昆明市 五华区
57%
云南省 曲靖市 会泽县
57%
浙江省 湖州市 南浔区
57%
浙江省 台州市 三门县
57%
浙江省 台州市 仙居县
57%
浙江省 温州市 瑞安市
57%
浙江省 温州市 龙湾区
57%
浙江省 温州市 泰顺县
57%
浙江省 温州市 苍南县
57%
重庆市 重庆市 城口县
57%
重庆市 重庆市 大足区
57%
安徽省 安庆市 太湖县
56%
安徽省 亳州市 涡阳县
56%
安徽省 池州市 东至县
56%
安徽省 滁州市 凤阳县
56%
安徽省 阜阳市 临泉县
56%
安徽省 阜阳市 阜南县
56%
福建省 厦门市 海沧区
56%
甘肃省 兰州市 永登县
56%
广东省 潮州市 饶平县
56%
广东省 梅州市 五华县
56%
广东省 清远市 连州市
56%
广东省 清远市 佛冈县
56%
广西壮族自治区 崇左市 宁明县
56%
贵州省 黔西南布依族苗族自治州 兴义市
56%
河北省 保定市 望都县
56%
河北省 衡水市 桃城区
56%
河北省 石家庄市 晋州市
56%
河北省 石家庄市 平山县
56%
河北省 石家庄市 元氏县
56%
河北省 邢台市 信都区
56%
河北省 张家口市 万全区
56%
河南省 鹤壁市 淇县
56%
河南省 焦作市 博爱县
56%
河南省 焦作市 中站区
56%
河南省 开封市 杞县
56%
河南省 南阳市 桐柏县
56%
河南省 平顶山市 卫东区
56%
河南省 濮阳市 清丰县
56%
河南省 郑州市 巩义市
56%
黑龙江省 佳木斯市 同江市
56%
黑龙江省 齐齐哈尔市 克山县
56%
湖南省 郴州市 临武县
56%
湖南省 湘西土家族苗族自治州 保靖县
56%
吉林省 松原市 长岭县
56%
吉林省 通化市 集安市
56%
江西省 赣州市 赣县区
56%
江西省 宜春市 万载县
56%
内蒙古自治区 兴安盟 扎赉特旗
56%
宁夏回族自治区 石嘴山市 大武口区
56%
青海省 西宁市 城西区
56%
山东省 德州市 德城区
56%
山东省 聊城市 茌平区
56%
山东省 泰安市 肥城市
56%
山东省 淄博市 桓台县
56%
山西省 晋中市 平遥县
56%
山西省 忻州市 五台县
56%
陕西省 西安市 高陵区
56%
四川省 内江市 隆昌市
56%
四川省 遂宁市 蓬溪县
56%
四川省 宜宾市 高县
56%
西藏自治区 那曲市 聂荣县
56%
香港特别行政区 香港特别行政区 湾仔区
56%
新疆维吾尔自治区 巴音郭楞蒙古自治州 和硕县
56%
新疆维吾尔自治区 乌鲁木齐市 沙依巴克区
56%
新疆维吾尔自治区 新疆维吾尔自治区 白杨市
56%
新疆维吾尔自治区 新疆维吾尔自治区 石河子市
56%
新疆维吾尔自治区 伊犁哈萨克自治州 察布查尔锡伯自治县
56%
新疆维吾尔自治区 伊犁哈萨克自治州 巩留县
56%
云南省 普洱市 江城哈尼族彝族自治县
56%
浙江省 宁波市 象山县
56%
浙江省 衢州市 柯城区
56%
浙江省 台州市 临海市
56%
浙江省 温州市 瓯海区
56%
重庆市 重庆市 黔江区
56%
安徽省 淮南市 凤台县
55%
安徽省 黄山市 黟县
55%
安徽省 芜湖市 南陵县
55%
福建省 福州市 连江县
55%
福建省 福州市 闽清县
55%
福建省 龙岩市 武平县
55%
福建省 泉州市 石狮市
55%
甘肃省 太子山天然林保护区 太子山天然林保护区
55%
甘肃省 武威市 天祝藏族自治县
55%
甘肃省 中农发山丹马场 中农发山丹马场
55%
广东省 揭阳市 揭东区
55%
广东省 梅州市 平远县
55%
广东省 韶关市 翁源县
55%
广西壮族自治区 桂林市 龙胜各族自治县
55%
广西壮族自治区 南宁市 青秀区
55%
贵州省 黔南布依族苗族自治州 福泉市
55%
河北省 石家庄市 灵寿县
55%
河北省 张家口市 张北县
55%
河南省 南阳市 邓州市
55%
河南省 平顶山市 叶县
55%
河南省 许昌市 建安区
55%
河南省 周口市 郸城县
55%
黑龙江省 大庆市 肇源县
55%
黑龙江省 黑河市 爱辉区
55%
黑龙江省 牡丹江市 东宁市
55%
湖北省 鄂州市 鄂城区
55%
湖北省 黄石市 大冶市
55%
湖北省 十堰市 郧西县
55%
湖北省 咸宁市 赤壁市
55%
湖北省 宜昌市 长阳土家族自治县
55%
湖南省 邵阳市 邵阳县
55%
湖南省 岳阳市 岳阳楼区
55%
吉林省 白城市 洮南市
55%
吉林省 白城市 镇赉县
55%
吉林省 四平市 铁西区
55%
江苏省 无锡市 梁溪区
55%
江西省 吉安市 安福县
55%
江西省 九江市 共青城市
55%
辽宁省 丹东市 宽甸满族自治县
55%
辽宁省 抚顺市 新宾满族自治县
55%
辽宁省 阜新市 太平区
55%
内蒙古自治区 巴彦淖尔市 磴口县
55%
内蒙古自治区 锡林郭勒盟 二连浩特市
55%
宁夏回族自治区 银川市 灵武市
55%
宁夏回族自治区 中卫市 海原县
55%
青海省 海北藏族自治州 海晏县
55%
山东省 聊城市 冠县
55%
山东省 潍坊市 寒亭区
55%
陕西省 宝鸡市 太白县
55%
陕西省 咸阳市 三原县
55%
陕西省 榆林市 横山区
55%
四川省 广安市 邻水县
55%
四川省 泸州市 古蔺县
55%
四川省 泸州市 叙永县
55%
四川省 南充市 阆中市
55%
台湾省 台湾省 嘉义市
55%
西藏自治区 拉萨市 林周县
55%
西藏自治区 那曲市 尼玛县
55%
新疆维吾尔自治区 阿克苏地区 温宿县
55%
新疆维吾尔自治区 伊犁哈萨克自治州 霍尔果斯市
55%
云南省 大理白族自治州 宾川县
55%
云南省 昆明市 宜良县
55%
云南省 曲靖市 宣威市
55%
云南省 西双版纳傣族自治州 景洪市
55%
浙江省 丽水市 缙云县
55%
重庆市 重庆市 南川区
55%
安徽省 安庆市 桐城市
54%
安徽省 安庆市 潜山市
54%
安徽省 阜阳市 颍泉区
54%
安徽省 淮北市 相山区
54%
安徽省 淮南市 大通区
54%
福建省 南平市 建瓯市
54%
福建省 宁德市 福鼎市
54%
福建省 宁德市 蕉城区
54%
福建省 厦门市 思明区
54%
福建省 厦门市 湖里区
54%
甘肃省 白银市 靖远县
54%
甘肃省 定西市 安定区
54%
甘肃省 临夏回族自治州 永靖县
54%
甘肃省 天水市 清水县
54%
甘肃省 天水市 秦州区
54%
广东省 河源市 紫金县
54%
广东省 惠州市 龙门县
54%
广东省 深圳市 坪山区
54%
广东省 云浮市 郁南县
54%
广东省 肇庆市 德庆县
54%
广西壮族自治区 桂林市 阳朔县
54%
河北省 保定市 顺平县
54%
河北省 保定市 阜平县
54%
河北省 沧州市 泊头市
54%
河北省 沧州市 献县
54%
河北省 沧州市 海兴县
54%
河北省 承德市 双滦区
54%
河北省 邯郸市 峰峰矿区
54%
河北省 衡水市 景县
54%
河北省 衡水市 枣强县
54%
河北省 衡水市 安平县
54%
河北省 廊坊市 永清县
54%
河北省 廊坊市 安次区
54%
河北省 石家庄市 赵县
54%
河北省 石家庄市 行唐县
54%
河北省 邢台市 新河县
54%
河北省 张家口市 桥西区
54%
河北省 张家口市 阳原县
54%
河南省 安阳市 文峰区
54%
河南省 焦作市 山阳区
54%
河南省 洛阳市 嵩县
54%
河南省 漯河市 舞阳县
54%
河南省 南阳市 内乡县
54%
河南省 平顶山市 宝丰县
54%
河南省 新乡市 新乡县
54%
河南省 周口市 沈丘县
54%
黑龙江省 佳木斯市 抚远市
54%
黑龙江省 双鸭山市 岭东区
54%
黑龙江省 绥化市 北林区
54%
湖北省 鄂州市 梁子湖区
54%
湖北省 恩施土家族苗族自治州 宣恩县
54%
湖北省 黄冈市 英山县
54%
湖北省 黄冈市 蕲春县
54%
湖北省 十堰市 茅箭区
54%
湖北省 十堰市 竹溪县
54%
湖北省 襄阳市 枣阳市
54%
湖北省 宜昌市 枝江市
54%
湖北省 宜昌市 当阳市
54%
湖北省 宜昌市 夷陵区
54%
湖南省 衡阳市 常宁市
54%
湖南省 衡阳市 耒阳市
54%
湖南省 邵阳市 邵东市
54%
湖南省 湘西土家族苗族自治州 龙山县
54%
湖南省 永州市 东安县
54%
湖南省 岳阳市 湘阴县
54%
湖南省 岳阳市 君山区
54%
湖南省 株洲市 醴陵市
54%
吉林省 吉林市 蛟河市
54%
吉林省 辽源市 东辽县
54%
吉林省 四平市 双辽市
54%
吉林省 通化市 东昌区
54%
吉林省 长春市 榆树市
54%
江西省 抚州市 临川区
54%
江西省 赣州市 兴国县
54%
江西省 吉安市 万安县
54%
江西省 吉安市 青原区
54%
江西省 九江市 彭泽县
54%
江西省 宜春市 高安市
54%
辽宁省 丹东市 振安区
54%
辽宁省 阜新市 细河区
54%
辽宁省 沈阳市 沈北新区
54%
内蒙古自治区 呼伦贝尔市 扎兰屯市
54%
内蒙古自治区 呼伦贝尔市 莫力达瓦达斡尔族自治旗
54%
内蒙古自治区 通辽市 奈曼旗
54%
内蒙古自治区 通辽市 科尔沁左翼中旗
54%
宁夏回族自治区 吴忠市 盐池县
54%
青海省 果洛藏族自治州 达日县
54%
山东省 滨州市 无棣县
54%
山东省 德州市 禹城市
54%
山东省 菏泽市 巨野县
54%
山东省 济南市 平阴县
54%
山东省 临沂市 平邑县
54%
山东省 潍坊市 安丘市
54%
山西省 大同市 新荣区
54%
山西省 大同市 云州区
54%
山西省 大同市 灵丘县
54%
山西省 大同市 浑源县
54%
山西省 晋中市 昔阳县
54%
山西省 临汾市 乡宁县
54%
山西省 吕梁市 汾阳市
54%
山西省 朔州市 应县
54%
山西省 忻州市 繁峙县
54%
山西省 忻州市 定襄县
54%
山西省 运城市 闻喜县
54%
山西省 运城市 盐湖区
54%
山西省 长治市 武乡县
54%
陕西省 铜川市 印台区
54%
陕西省 咸阳市 礼泉县
54%
陕西省 延安市 延川县
54%
陕西省 延安市 洛川县
54%
四川省 德阳市 广汉市
54%
四川省 广元市 苍溪县
54%
四川省 凉山彝族自治州 会理市
54%
四川省 宜宾市 江安县
54%
西藏自治区 阿里地区 措勤县
54%
新疆维吾尔自治区 阿克苏地区 乌什县
54%
新疆维吾尔自治区 博尔塔拉蒙古自治州 阿拉山口市
54%
新疆维吾尔自治区 昌吉回族自治州 呼图壁县
54%
新疆维吾尔自治区 塔城地区 裕民县
54%
新疆维吾尔自治区 塔城地区 额敏县
54%
新疆维吾尔自治区 伊犁哈萨克自治州 奎屯市
54%
新疆维吾尔自治区 伊犁哈萨克自治州 伊宁市
54%
云南省 大理白族自治州 云龙县
54%
云南省 大理白族自治州 巍山彝族回族自治县
54%
云南省 大理白族自治州 弥渡县
54%
云南省 大理白族自治州 祥云县
54%
云南省 红河哈尼族彝族自治州 绿春县
54%
云南省 丽江市 宁蒗彝族自治县
54%
云南省 文山壮族苗族自治州 砚山县
54%
浙江省 温州市 文成县
54%
安徽省 黄山市 屯溪区
53%
福建省 宁德市 屏南县
53%
福建省 泉州市 安溪县
53%
福建省 泉州市 德化县
53%
广东省 梅州市 蕉岭县
53%
广东省 韶关市 曲江区
53%
广西壮族自治区 河池市 南丹县
53%
广西壮族自治区 梧州市 岑溪市
53%
贵州省 毕节市 织金县
53%
贵州省 毕节市 威宁彝族回族苗族自治县
53%
贵州省 铜仁市 万山区
53%
海南省 三亚市 海棠区
53%
河北省 承德市 鹰手营子矿区
53%
河北省 衡水市 饶阳县
53%
河北省 唐山市 路北区
53%
河北省 邢台市 清河县
53%
河南省 安阳市 殷都区
53%
河南省 南阳市 新野县
53%
河南省 南阳市 唐河县
53%
河南省 信阳市 罗山县
53%
河南省 驻马店市 正阳县
53%
河南省 驻马店市 平舆县
53%
黑龙江省 哈尔滨市 南岗区
53%
湖北省 黄冈市 罗田县
53%
湖北省 黄冈市 黄梅县
53%
湖南省 常德市 武陵区
53%
湖南省 邵阳市 新邵县
53%
湖南省 益阳市 桃江县
53%
湖南省 张家界市 桑植县
53%
湖南省 株洲市 攸县
53%
湖南省 株洲市 渌口区
53%
吉林省 白山市 抚松县
53%
辽宁省 本溪市 桓仁满族自治县
53%
辽宁省 锦州市 北镇市
53%
内蒙古自治区 鄂尔多斯市 准格尔旗
53%
内蒙古自治区 呼伦贝尔市 阿荣旗
53%
青海省 海北藏族自治州 祁连县
53%
山东省 德州市 乐陵市
53%
山东省 德州市 陵城区
53%
山东省 临沂市 费县
53%
山西省 太原市 古交市
53%
山西省 运城市 永济市
53%
陕西省 宝鸡市 凤县
53%
陕西省 商洛市 丹凤县
53%
陕西省 延安市 安塞区
53%
四川省 巴中市 通江县
53%
四川省 甘孜藏族自治州 甘孜县
53%
四川省 甘孜藏族自治州 德格县
53%
四川省 广安市 岳池县
53%
四川省 眉山市 洪雅县
53%
四川省 南充市 仪陇县
53%
四川省 宜宾市 兴文县
53%
西藏自治区 那曲市 申扎县
53%
西藏自治区 日喀则市 昂仁县
53%
新疆维吾尔自治区 新疆维吾尔自治区 双河市
53%
云南省 楚雄彝族自治州 双柏县
53%
云南省 普洱市 思茅区
53%
云南省 普洱市 景东彝族自治县
53%
浙江省 温州市 平阳县
53%
安徽省 阜阳市 太和县
52%
安徽省 黄山市 祁门县
52%
甘肃省 临夏回族自治州 临夏县
52%
甘肃省 临夏回族自治州 东乡族自治县
52%
甘肃省 临夏回族自治州 积石山保安族东乡族撒拉族自治县
52%
甘肃省 陇南市 徽县
52%
广东省 阳江市 阳东区
52%
广东省 肇庆市 封开县
52%
广西壮族自治区 防城港市 防城区
52%
广西壮族自治区 贵港市 平南县
52%
广西壮族自治区 桂林市 灌阳县
52%
广西壮族自治区 钦州市 浦北县
52%
广西壮族自治区 玉林市 陆川县
52%
广西壮族自治区 玉林市 容县
52%
贵州省 黔南布依族苗族自治州 贵定县
52%
贵州省 铜仁市 石阡县
52%
河北省 沧州市 盐山县
52%
河北省 沧州市 运河区
52%
河北省 邯郸市 广平县
52%
河北省 衡水市 武邑县
52%
河北省 张家口市 下花园区
52%
河南省 洛阳市 偃师区
52%
河南省 濮阳市 华龙区
52%
河南省 商丘市 夏邑县
52%
河南省 新乡市 获嘉县
52%
河南省 驻马店市 泌阳县
52%
黑龙江省 哈尔滨市 香坊区
52%
黑龙江省 鸡西市 鸡东县
52%
湖南省 邵阳市 新宁县
52%
吉林省 白城市 洮北区
52%
吉林省 通化市 二道江区
52%
吉林省 延边朝鲜族自治州 珲春市
52%
江西省 吉安市 吉安县
52%
江西省 景德镇市 昌江区
52%
江西省 新余市 分宜县
52%
辽宁省 抚顺市 望花区
52%
辽宁省 抚顺市 清原满族自治县
52%
内蒙古自治区 呼和浩特市 回民区
52%
内蒙古自治区 兴安盟 科尔沁右翼前旗
52%
宁夏回族自治区 吴忠市 红寺堡区
52%
青海省 海东市 平安区
52%
青海省 海南藏族自治州 贵德县
52%
山东省 德州市 宁津县
52%
山西省 大同市 阳高县
52%
山西省 晋中市 介休市
52%
山西省 晋中市 祁县
52%
山西省 晋中市 左权县
52%
山西省 太原市 晋源区
52%
山西省 太原市 小店区
52%
山西省 太原市 迎泽区
52%
山西省 忻州市 静乐县
52%
山西省 运城市 夏县
52%
山西省 长治市 沁源县
52%
陕西省 商洛市 镇安县
52%
陕西省 西安市 阎良区
52%
陕西省 榆林市 清涧县
52%
陕西省 榆林市 子洲县
52%
四川省 巴中市 平昌县
52%
四川省 成都市 青白江区
52%
四川省 乐山市 峨边彝族自治县
52%
四川省 绵阳市 涪城区
52%
四川省 攀枝花市 西区
52%
四川省 宜宾市 叙州区
52%
四川省 宜宾市 珙县
52%
四川省 宜宾市 长宁县
52%
西藏自治区 阿里地区 普兰县
52%
云南省 昆明市 禄劝彝族苗族自治县
52%
云南省 文山壮族苗族自治州 文山市
52%
云南省 西双版纳傣族自治州 勐海县
52%
浙江省 丽水市 景宁畲族自治县
52%
安徽省 蚌埠市 禹会区
51%
安徽省 淮北市 濉溪县
51%
安徽省 淮南市 田家庵区
51%
安徽省 六安市 叶集区
51%
福建省 南平市 松溪县
51%
福建省 宁德市 霞浦县
51%
福建省 厦门市 翔安区
51%
甘肃省 白银市 白银区
51%
甘肃省 临夏回族自治州 和政县
51%
甘肃省 陇南市 两当县
51%
甘肃省 天水市 甘谷县
51%
广东省 汕头市 潮南区
51%
广西壮族自治区 防城港市 上思县
51%
广西壮族自治区 钦州市 钦南区
51%
贵州省 黔南布依族苗族自治州 荔波县
51%
贵州省 遵义市 桐梓县
51%
贵州省 遵义市 仁怀市
51%
河北省 保定市 易县
51%
河北省 沧州市 新华区
51%
河北省 石家庄市 赞皇县
51%
黑龙江省 哈尔滨市 平房区
51%
黑龙江省 绥化市 兰西县
51%
湖北省 襄阳市 南漳县
51%
湖南省 郴州市 桂阳县
51%
湖南省 衡阳市 南岳区
51%
湖南省 衡阳市 珠晖区
51%
湖南省 衡阳市 蒸湘区
51%
湖南省 怀化市 芷江侗族自治县
51%
湖南省 湘西土家族苗族自治州 古丈县
51%
湖南省 永州市 蓝山县
51%
吉林省 吉林市 舒兰市
51%
吉林省 长春市 九台区
51%
江西省 九江市 修水县
51%
江西省 新余市 渝水区
51%
辽宁省 葫芦岛市 兴城市
51%
内蒙古自治区 包头市 固阳县
51%
内蒙古自治区 包头市 九原区
51%
内蒙古自治区 赤峰市 松山区
51%
内蒙古自治区 锡林郭勒盟 西乌珠穆沁旗
51%
青海省 果洛藏族自治州 玛沁县
51%
山东省 潍坊市 潍城区
51%
山东省 淄博市 张店区
51%
山西省 大同市 云冈区
51%
山西省 晋中市 榆社县
51%
山西省 晋中市 和顺县
51%
山西省 忻州市 原平市
51%
山西省 运城市 万荣县
51%
陕西省 安康市 白河县
51%
陕西省 安康市 旬阳市
51%
陕西省 咸阳市 武功县
51%
陕西省 延安市 黄陵县
51%
四川省 德阳市 中江县
51%
四川省 绵阳市 三台县
51%
西藏自治区 拉萨市 达孜区
51%
新疆维吾尔自治区 博尔塔拉蒙古自治州 温泉县
51%
新疆维吾尔自治区 喀什地区 莎车县
51%
新疆维吾尔自治区 喀什地区 岳普湖县
51%
新疆维吾尔自治区 新疆维吾尔自治区 图木舒克市
51%
云南省 红河哈尼族彝族自治州 开远市
51%
云南省 红河哈尼族彝族自治州 红河县
51%
云南省 昆明市 富民县
51%
浙江省 丽水市 莲都区
51%
安徽省 蚌埠市 淮上区
50%
安徽省 蚌埠市 怀远县
50%
安徽省 亳州市 利辛县
50%
安徽省 阜阳市 界首市
50%
安徽省 阜阳市 颍州区
50%
安徽省 合肥市 庐阳区
50%
安徽省 六安市 霍山县
50%
安徽省 芜湖市 湾沚区
50%
福建省 宁德市 福安市
50%
福建省 宁德市 柘荣县
50%
福建省 泉州市 泉港区
50%
甘肃省 定西市 临洮县
50%
甘肃省 陇南市 礼县
50%
甘肃省 陇南市 西和县
50%
广东省 梅州市 梅江区
50%
广东省 汕头市 金平区
50%
广西壮族自治区 百色市 西林县
50%
广西壮族自治区 桂林市 永福县
50%
广西壮族自治区 桂林市 恭城瑶族自治县
50%
广西壮族自治区 河池市 巴马瑶族自治县
50%
广西壮族自治区 贺州市 八步区
50%
广西壮族自治区 柳州市 柳南区
50%
广西壮族自治区 柳州市 鱼峰区
50%
广西壮族自治区 钦州市 灵山县
50%
广西壮族自治区 玉林市 博白县
50%
贵州省 黔东南苗族侗族自治州 岑巩县
50%
贵州省 黔西南布依族苗族自治州 兴仁市
50%
贵州省 黔西南布依族苗族自治州 安龙县
50%
贵州省 遵义市 播州区
50%
河北省 沧州市 吴桥县
50%
河北省 邯郸市 成安县
50%
河北省 邯郸市 邯山区
50%
河北省 秦皇岛市 北戴河区
50%
河北省 邢台市 威县
50%
河北省 张家口市 尚义县
50%
河南省 安阳市 汤阴县
50%
河南省 鹤壁市 浚县
50%
河南省 焦作市 解放区
50%
河南省 南阳市 方城县
50%
河南省 南阳市 西峡县
50%
河南省 濮阳市 南乐县
50%
河南省 信阳市 浉河区
50%
河南省 周口市 项城市
50%
河南省 周口市 商水县
50%
河南省 周口市 淮阳区
50%
河南省 驻马店市 上蔡县
50%
河南省 驻马店市 驿城区
50%
黑龙江省 牡丹江市 西安区
50%
黑龙江省 齐齐哈尔市 梅里斯达斡尔族区
50%
黑龙江省 齐齐哈尔市 甘南县
50%
黑龙江省 双鸭山市 四方台区
50%
黑龙江省 绥化市 绥棱县
50%
黑龙江省 伊春市 丰林县
50%
湖北省 黄冈市 团风县
50%
湖北省 宜昌市 五峰土家族自治县
50%
湖北省 宜昌市 猇亭区
50%
湖南省 郴州市 资兴市
50%
湖南省 怀化市 中方县
50%
湖南省 永州市 双牌县
50%
湖南省 永州市 祁阳市
50%
湖南省 岳阳市 云溪区
50%
湖南省 株洲市 芦淞区
50%
吉林省 通化市 柳河县
50%
江苏省 泰州市 海陵区
50%
江西省 赣州市 寻乌县
50%
江西省 赣州市 全南县
50%
江西省 赣州市 安远县
50%
江西省 九江市 武宁县
50%
辽宁省 本溪市 南芬区
50%
辽宁省 本溪市 平山区
50%
辽宁省 抚顺市 抚顺县
50%
辽宁省 阜新市 彰武县
50%
内蒙古自治区 巴彦淖尔市 乌拉特后旗
50%
内蒙古自治区 巴彦淖尔市 乌拉特前旗
50%
内蒙古自治区 包头市 石拐区
50%
内蒙古自治区 包头市 昆都仑区
50%
内蒙古自治区 鄂尔多斯市 杭锦旗
50%
内蒙古自治区 鄂尔多斯市 达拉特旗
50%
内蒙古自治区 呼和浩特市 赛罕区
50%
内蒙古自治区 通辽市 开鲁县
50%
内蒙古自治区 锡林郭勒盟 东乌珠穆沁旗
50%
内蒙古自治区 锡林郭勒盟 多伦县
50%
宁夏回族自治区 固原市 西吉县
50%
宁夏回族自治区 银川市 金凤区
50%
青海省 果洛藏族自治州 玛多县
50%
青海省 果洛藏族自治州 久治县
50%
青海省 海北藏族自治州 门源回族自治县
50%
青海省 海东市 循化撒拉族自治县
50%
青海省 黄南藏族自治州 河南蒙古族自治县
50%
青海省 西宁市 湟源县
50%
山东省 滨州市 阳信县
50%
山东省 德州市 武城县
50%
山东省 东营市 东营区
50%
山东省 济南市 商河县
50%
山东省 济宁市 嘉祥县
50%
山东省 烟台市 莱山区
50%
山西省 晋城市 陵川县
50%
山西省 晋中市 榆次区
50%
山西省 临汾市 襄汾县
50%
山西省 朔州市 平鲁区
50%
陕西省 安康市 平利县
50%
陕西省 宝鸡市 麟游县
50%
陕西省 宝鸡市 扶风县
50%
陕西省 宝鸡市 岐山县
50%
陕西省 汉中市 南郑区
50%
陕西省 汉中市 洋县
50%
陕西省 渭南市 合阳县
50%
陕西省 咸阳市 渭城区
50%
陕西省 延安市 黄龙县
50%
四川省 阿坝藏族羌族自治州 黑水县
50%
四川省 达州市 万源市
50%
四川省 乐山市 金口河区
50%
四川省 凉山彝族自治州 会东县
50%
四川省 绵阳市 盐亭县
50%
四川省 南充市 西充县
50%
四川省 宜宾市 南溪区
50%
四川省 自贡市 富顺县
50%
四川省 自贡市 贡井区
50%
西藏自治区 阿里地区 札达县
50%
西藏自治区 日喀则市 谢通门县
50%
香港特别行政区 香港特别行政区 沙田区
50%
香港特别行政区 香港特别行政区 中西区
50%
新疆维吾尔自治区 阿克苏地区 拜城县
50%
新疆维吾尔自治区 昌吉回族自治州 木垒哈萨克自治县
50%
新疆维吾尔自治区 哈密市 伊吾县
50%
新疆维吾尔自治区 和田地区 于田县
50%
新疆维吾尔自治区 和田地区 民丰县
50%
新疆维吾尔自治区 喀什地区 叶城县
50%
新疆维吾尔自治区 新疆维吾尔自治区 昆玉市
50%
云南省 楚雄彝族自治州 楚雄市
50%
云南省 楚雄彝族自治州 牟定县
50%
云南省 昆明市 安宁市
50%
云南省 丽江市 华坪县
50%
云南省 曲靖市 罗平县
50%
云南省 西双版纳傣族自治州 勐腊县
50%
浙江省 宁波市 北仑区
50%
浙江省 衢州市 龙游县
50%
浙江省 台州市 温岭市
50%
重庆市 重庆市 大渡口区
50%
重庆市 重庆市 綦江区
50%
安徽省 安庆市 望江县
49%
安徽省 安庆市 岳西县
49%
福建省 龙岩市 新罗区
49%
福建省 龙岩市 连城县
49%
福建省 三明市 永安市
49%
甘肃省 陇南市 宕昌县
49%
甘肃省 庆阳市 宁县
49%
甘肃省 天水市 秦安县
49%
广东省 肇庆市 四会市
49%
广西壮族自治区 贵港市 桂平市
49%
广西壮族自治区 桂林市 兴安县
49%
贵州省 毕节市 纳雍县
49%
贵州省 遵义市 汇川区
49%
贵州省 遵义市 赤水市
49%
河北省 保定市 蠡县
49%
河北省 保定市 满城区
49%
河北省 承德市 平泉市
49%
河北省 邯郸市 永年区
49%
河北省 衡水市 武强县
49%
河北省 石家庄市 高邑县
49%
河南省 漯河市 郾城区
49%
河南省 平顶山市 新华区
49%
河南省 平顶山市 湛河区
49%
河南省 平顶山市 舞钢市
49%
河南省 信阳市 平桥区
49%
河南省 驻马店市 确山县
49%
黑龙江省 哈尔滨市 巴彦县
49%
黑龙江省 鹤岗市 兴山区
49%
黑龙江省 牡丹江市 东安区
49%
黑龙江省 七台河市 茄子河区
49%
黑龙江省 绥化市 海伦市
49%
黑龙江省 伊春市 嘉荫县
49%
湖北省 荆门市 东宝区
49%
湖北省 随州市 广水市
49%
湖北省 宜昌市 宜都市
49%
湖北省 宜昌市 秭归县
49%
湖南省 怀化市 溆浦县
49%
湖南省 娄底市 新化县
49%
湖南省 娄底市 娄星区
49%
湖南省 湘西土家族苗族自治州 永顺县
49%
湖南省 益阳市 赫山区
49%
湖南省 永州市 零陵区
49%
吉林省 白城市 通榆县
49%
吉林省 白山市 临江市
49%
吉林省 松原市 前郭尔罗斯蒙古族自治县
49%
江西省 吉安市 吉水县
49%
江西省 萍乡市 湘东区
49%
辽宁省 锦州市 黑山县
49%
内蒙古自治区 赤峰市 宁城县
49%
内蒙古自治区 呼伦贝尔市 海拉尔区
49%
内蒙古自治区 锡林郭勒盟 锡林浩特市
49%
山东省 淄博市 高青县
49%
山西省 临汾市 尧都区
49%
山西省 吕梁市 离石区
49%
山西省 太原市 杏花岭区
49%
陕西省 汉中市 镇巴县
49%
陕西省 汉中市 留坝县
49%
陕西省 延安市 志丹县
49%
陕西省 延安市 延长县
49%
陕西省 榆林市 绥德县
49%
四川省 德阳市 绵竹市
49%
西藏自治区 日喀则市 仲巴县
49%
新疆维吾尔自治区 昌吉回族自治州 奇台县
49%
新疆维吾尔自治区 新疆维吾尔自治区 新星市
49%
云南省 德宏傣族景颇族自治州 盈江县
49%
重庆市 重庆市 秀山土家族苗族自治县
49%
安徽省 淮北市 杜集区
48%
甘肃省 白银市 平川区
48%
甘肃省 庆阳市 环县
48%
广东省 韶关市 始兴县
48%
广东省 韶关市 南雄市
48%
广西壮族自治区 百色市 右江区
48%
广西壮族自治区 河池市 环江毛南族自治县
48%
广西壮族自治区 河池市 宜州区
48%
广西壮族自治区 南宁市 横州市
48%
广西壮族自治区 南宁市 西乡塘区
48%
广西壮族自治区 钦州市 钦北区
48%
贵州省 毕节市 七星关区
48%
河北省 沧州市 肃宁县
48%
河北省 邢台市 沙河市
48%
河南省 洛阳市 栾川县
48%
河南省 洛阳市 西工区
48%
河南省 洛阳市 洛龙区
48%
河南省 商丘市 宁陵县
48%
河南省 商丘市 睢县
48%
河南省 新乡市 红旗区
48%
河南省 信阳市 潢川县
48%
河南省 信阳市 光山县
48%
河南省 周口市 太康县
48%
河南省 周口市 鹿邑县
48%
黑龙江省 鸡西市 密山市
48%
黑龙江省 绥化市 庆安县
48%
湖北省 黄冈市 黄州区
48%
湖北省 黄冈市 武穴市
48%
湖北省 黄石市 阳新县
48%
湖南省 郴州市 苏仙区
48%
湖南省 怀化市 洪江市
48%
江西省 抚州市 宜黄县
48%
江西省 上饶市 万年县
48%
辽宁省 鞍山市 台安县
48%
内蒙古自治区 呼和浩特市 新城区
48%
内蒙古自治区 通辽市 科尔沁区
48%
山西省 大同市 广灵县
48%
山西省 大同市 左云县
48%
山西省 临汾市 蒲县
48%
山西省 吕梁市 交城县
48%
山西省 忻州市 河曲县
48%
陕西省 汉中市 佛坪县
48%
陕西省 汉中市 西乡县
48%
陕西省 渭南市 富平县
48%
四川省 绵阳市 游仙区
48%
四川省 南充市 蓬安县
48%
四川省 遂宁市 大英县
48%
台湾省 台湾省 澎湖县
48%
西藏自治区 林芝市 工布江达县
48%
新疆维吾尔自治区 喀什地区 塔什库尔干塔吉克自治县
48%
云南省 红河哈尼族彝族自治州 石屏县
48%
云南省 普洱市 墨江哈尼族自治县
48%
浙江省 丽水市 松阳县
48%
浙江省 丽水市 云和县
48%
浙江省 丽水市 庆元县
48%
浙江省 丽水市 龙泉市
48%
浙江省 台州市 椒江区
48%
安徽省 安庆市 迎江区
47%
安徽省 淮南市 潘集区
47%
福建省 南平市 邵武市
47%
福建省 莆田市 城厢区
47%
福建省 漳州市 龙海区
47%
甘肃省 临夏回族自治州 临夏市
47%
广东省 清远市 连山壮族瑶族自治县
47%
广东省 云浮市 罗定市
47%
广东省 肇庆市 鼎湖区
47%
广西壮族自治区 百色市 隆林各族自治县
47%
广西壮族自治区 百色市 平果市
47%
广西壮族自治区 桂林市 荔浦市
47%
广西壮族自治区 南宁市 武鸣区
47%
广西壮族自治区 梧州市 藤县
47%
贵州省 毕节市 大方县
47%
河北省 石家庄市 栾城区
47%
河北省 邢台市 柏乡县
47%
河北省 张家口市 桥东区
47%
河南省 洛阳市 汝阳县
47%
河南省 南阳市 卧龙区
47%
河南省 驻马店市 汝南县
47%
河南省 驻马店市 西平县
47%
黑龙江省 牡丹江市 爱民区
47%
黑龙江省 齐齐哈尔市 龙江县
47%
黑龙江省 绥化市 安达市
47%
湖北省 恩施土家族苗族自治州 来凤县
47%
湖北省 黄冈市 浠水县
47%
湖南省 郴州市 永兴县
47%
湖南省 株洲市 荷塘区
47%
吉林省 白山市 长白朝鲜族自治县
47%
江西省 赣州市 大余县
47%
江西省 吉安市 吉州区
47%
江西省 九江市 德安县
47%
辽宁省 营口市 鲅鱼圈区
47%
内蒙古自治区 包头市 达尔罕茂明安联合旗
47%
内蒙古自治区 乌兰察布市 商都县
47%
宁夏回族自治区 固原市 原州区
47%
山西省 晋城市 沁水县
47%
山西省 晋中市 太谷区
47%
山西省 临汾市 侯马市
47%
山西省 临汾市 古县
47%
山西省 吕梁市 石楼县
47%
山西省 吕梁市 柳林县
47%
山西省 吕梁市 中阳县
47%
山西省 朔州市 朔城区
47%
山西省 太原市 尖草坪区
47%
山西省 忻州市 宁武县
47%
山西省 长治市 长子县
47%
陕西省 安康市 镇坪县
47%
陕西省 安康市 紫阳县
47%
陕西省 宝鸡市 眉县
47%
陕西省 宝鸡市 陇县
47%
陕西省 汉中市 城固县
47%
陕西省 汉中市 宁强县
47%
陕西省 商洛市 山阳县
47%
陕西省 渭南市 澄城县
47%
陕西省 咸阳市 永寿县
47%
四川省 成都市 邛崃市
47%
四川省 甘孜藏族自治州 色达县
47%
新疆维吾尔自治区 阿克苏地区 库车市
47%
新疆维吾尔自治区 喀什地区 英吉沙县
47%
云南省 楚雄彝族自治州 永仁县
47%
云南省 文山壮族苗族自治州 西畴县
47%
云南省 昭通市 巧家县
47%
云南省 昭通市 盐津县
47%
安徽省 淮北市 烈山区
46%
安徽省 淮南市 谢家集区
46%
福建省 南平市 政和县
46%
福建省 宁德市 周宁县
46%
福建省 三明市 建宁县
46%
福建省 三明市 清流县
46%
福建省 漳州市 南靖县
46%
甘肃省 定西市 通渭县
46%
甘肃省 平凉市 静宁县
46%
甘肃省 庆阳市 合水县
46%
甘肃省 天水市 武山县
46%
广东省 韶关市 仁化县
46%
广东省 湛江市 坡头区
46%
广西壮族自治区 北海市 银海区
46%
广西壮族自治区 崇左市 龙州县
46%
广西壮族自治区 防城港市 东兴市
46%
广西壮族自治区 桂林市 资源县
46%
广西壮族自治区 河池市 大化瑶族自治县
46%
广西壮族自治区 贺州市 昭平县
46%
广西壮族自治区 来宾市 金秀瑶族自治县
46%
广西壮族自治区 柳州市 融安县
46%
广西壮族自治区 柳州市 三江侗族自治县
46%
广西壮族自治区 南宁市 宾阳县
46%
贵州省 安顺市 关岭布依族苗族自治县
46%
贵州省 六盘水市 六枝特区
46%
贵州省 黔东南苗族侗族自治州 黎平县
46%
贵州省 黔东南苗族侗族自治州 从江县
46%
贵州省 黔西南布依族苗族自治州 晴隆县
46%
贵州省 铜仁市 江口县
46%
贵州省 铜仁市 印江土家族苗族自治县
46%
河北省 承德市 围场满族蒙古族自治县
46%
河北省 张家口市 康保县
46%
河南省 漯河市 临颍县
46%
河南省 南阳市 南召县
46%
河南省 新乡市 牧野区
46%
河南省 信阳市 息县
46%
河南省 郑州市 上街区
46%
河南省 驻马店市 新蔡县
46%
河南省 驻马店市 遂平县
46%
黑龙江省 鹤岗市 萝北县
46%
黑龙江省 鸡西市 梨树区
46%
黑龙江省 牡丹江市 阳明区
46%
黑龙江省 牡丹江市 林口县
46%
黑龙江省 齐齐哈尔市 拜泉县
46%
黑龙江省 齐齐哈尔市 富裕县
46%
黑龙江省 伊春市 南岔县
46%
黑龙江省 伊春市 伊美区
46%
湖北省 黄石市 下陆区
46%
湖北省 荆门市 掇刀区
46%
湖北省 宜昌市 点军区
46%
湖南省 郴州市 桂东县
46%
湖南省 怀化市 通道侗族自治县
46%
湖南省 怀化市 新晃侗族自治县
46%
湖南省 怀化市 鹤城区
46%
湖南省 邵阳市 武冈市
46%
湖南省 邵阳市 隆回县
46%
湖南省 益阳市 资阳区
46%
湖南省 永州市 冷水滩区
46%
湖南省 张家界市 武陵源区
46%
吉林省 长春市 德惠市
46%
江西省 抚州市 金溪县
46%
江西省 赣州市 章贡区
46%
江西省 吉安市 永丰县
46%
江西省 吉安市 峡江县
46%
江西省 吉安市 新干县
46%
江西省 九江市 浔阳区
46%
江西省 萍乡市 芦溪县
46%
江西省 上饶市 弋阳县
46%
江西省 鹰潭市 贵溪市
46%
辽宁省 朝阳市 凌源市
46%
辽宁省 抚顺市 东洲区
46%
辽宁省 阜新市 清河门区
46%
辽宁省 辽阳市 太子河区
46%
辽宁省 沈阳市 大东区
46%
辽宁省 铁岭市 调兵山市
46%
辽宁省 营口市 大石桥市
46%
内蒙古自治区 赤峰市 喀喇沁旗
46%
内蒙古自治区 乌兰察布市 察哈尔右翼后旗
46%
内蒙古自治区 锡林郭勒盟 阿巴嘎旗
46%
宁夏回族自治区 吴忠市 同心县
46%
宁夏回族自治区 吴忠市 利通区
46%
青海省 海北藏族自治州 刚察县
46%
青海省 海东市 化隆回族自治县
46%
青海省 海南藏族自治州 同德县
46%
青海省 海南藏族自治州 兴海县
46%
青海省 黄南藏族自治州 泽库县
46%
山东省 滨州市 滨城区
46%
山东省 德州市 庆云县
46%
山东省 烟台市 芝罘区
46%
山西省 晋城市 高平市
46%
山西省 运城市 临猗县
46%
山西省 运城市 新绛县
46%
山西省 长治市 潞州区
46%
陕西省 安康市 石泉县
46%
陕西省 宝鸡市 凤翔区
46%
陕西省 宝鸡市 千阳县
46%
陕西省 铜川市 耀州区
46%
陕西省 渭南市 韩城市
46%
陕西省 咸阳市 杨陵区
46%
陕西省 咸阳市 乾县
46%
陕西省 延安市 甘泉县
46%
陕西省 榆林市 米脂县
46%
四川省 巴中市 恩阳区
46%
四川省 达州市 渠县
46%
四川省 达州市 达川区
46%
四川省 德阳市 旌阳区
46%
四川省 广安市 前锋区
46%
四川省 攀枝花市 米易县
46%
四川省 雅安市 雨城区
46%
四川省 雅安市 荥经县
46%
四川省 自贡市 沿滩区
46%
西藏自治区 昌都市 贡觉县
46%
新疆维吾尔自治区 昌吉回族自治州 吉木萨尔县
46%
新疆维吾尔自治区 克孜勒苏柯尔克孜自治州 乌恰县
46%
云南省 楚雄彝族自治州 元谋县
46%
云南省 楚雄彝族自治州 南华县
46%
云南省 大理白族自治州 剑川县
46%
云南省 怒江傈僳族自治州 福贡县
46%
云南省 曲靖市 沾益区
46%
云南省 文山壮族苗族自治州 富宁县
46%
云南省 玉溪市 元江哈尼族彝族傣族自治县
46%
云南省 昭通市 彝良县
46%
云南省 昭通市 绥江县
46%
浙江省 绍兴市 越城区
46%
浙江省 温州市 龙港市
46%
安徽省 蚌埠市 固镇县
45%
安徽省 蚌埠市 蚌山区
45%
福建省 龙岩市 漳平市
45%
福建省 宁德市 寿宁县
45%
甘肃省 兰州市 西固区
45%
广西壮族自治区 北海市 海城区
45%
广西壮族自治区 桂林市 平乐县
45%
广西壮族自治区 南宁市 江南区
45%
贵州省 铜仁市 沿河土家族自治县
45%
河北省 邯郸市 丛台区
45%
河南省 商丘市 睢阳区
45%
河南省 新乡市 凤泉区
45%
黑龙江省 大庆市 杜尔伯特蒙古族自治县
45%
黑龙江省 鸡西市 滴道区
45%
黑龙江省 伊春市 金林区
45%
湖北省 孝感市 安陆市
45%
吉林省 白城市 大安市
45%
江西省 宜春市 樟树市
45%
辽宁省 本溪市 明山区
45%
辽宁省 丹东市 振兴区
45%
辽宁省 葫芦岛市 龙港区
45%
内蒙古自治区 巴彦淖尔市 乌拉特中旗
45%
内蒙古自治区 巴彦淖尔市 五原县
45%
内蒙古自治区 兴安盟 乌兰浩特市
45%
青海省 海东市 民和回族土族自治县
45%
山西省 临汾市 洪洞县
45%
山西省 临汾市 大宁县
45%
山西省 临汾市 永和县
45%
山西省 临汾市 汾西县
45%
山西省 吕梁市 孝义市
45%
山西省 吕梁市 交口县
45%
山西省 长治市 沁县
45%
山西省 长治市 黎城县
45%
山西省 长治市 上党区
45%
陕西省 汉中市 略阳县
45%
陕西省 渭南市 白水县
45%
四川省 甘孜藏族自治州 炉霍县
45%
四川省 广元市 利州区
45%
四川省 遂宁市 射洪市
45%
四川省 宜宾市 屏山县
45%
西藏自治区 昌都市 八宿县
45%
新疆维吾尔自治区 哈密市 巴里坤哈萨克自治县
45%
新疆维吾尔自治区 喀什地区 麦盖提县
45%
云南省 楚雄彝族自治州 武定县
45%
云南省 红河哈尼族彝族自治州 弥勒市
45%
浙江省 金华市 婺城区
45%
浙江省 舟山市 岱山县
45%
安徽省 滁州市 琅琊区
44%
安徽省 淮南市 八公山区
44%
福建省 三明市 宁化县
44%
广东省 汕头市 澄海区
44%
广东省 韶关市 浈江区
44%
广东省 云浮市 云城区
44%
广西壮族自治区 贵港市 港南区
44%
广西壮族自治区 南宁市 隆安县
44%
广西壮族自治区 南宁市 邕宁区
44%
广西壮族自治区 梧州市 苍梧县
44%
贵州省 安顺市 普定县
44%
贵州省 安顺市 镇宁布依族苗族自治县
44%
贵州省 毕节市 赫章县
44%
贵州省 黔东南苗族侗族自治州 天柱县
44%
河北省 邢台市 广宗县
44%
河北省 邢台市 南和区
44%
河北省 张家口市 怀安县
44%
河南省 洛阳市 老城区
44%
黑龙江省 哈尔滨市 通河县
44%
黑龙江省 鸡西市 恒山区
44%
黑龙江省 佳木斯市 富锦市
44%
黑龙江省 齐齐哈尔市 泰来县
44%
湖南省 衡阳市 雁峰区
44%
吉林省 白山市 浑江区
44%
吉林省 吉林市 桦甸市
44%
江西省 抚州市 南丰县
44%
江西省 萍乡市 莲花县
44%
江西省 上饶市 横峰县
44%
内蒙古自治区 包头市 土默特右旗
44%
内蒙古自治区 赤峰市 翁牛特旗
44%
内蒙古自治区 呼和浩特市 托克托县
44%
内蒙古自治区 呼和浩特市 和林格尔县
44%
内蒙古自治区 呼和浩特市 清水河县
44%
青海省 果洛藏族自治州 班玛县
44%
山西省 大同市 平城区
44%
山西省 临汾市 霍州市
44%
山西省 吕梁市 方山县
44%
山西省 太原市 娄烦县
44%
山西省 忻州市 保德县
44%
山西省 忻州市 神池县
44%
山西省 忻州市 忻府区
44%
山西省 运城市 绛县
44%
陕西省 安康市 汉滨区
44%
陕西省 汉中市 勉县
44%
陕西省 铜川市 宜君县
44%
陕西省 榆林市 吴堡县
44%
陕西省 榆林市 定边县
44%
四川省 巴中市 南江县
44%
四川省 达州市 大竹县
44%
四川省 德阳市 罗江区
44%
四川省 广安市 广安区
44%
四川省 南充市 嘉陵区
44%
四川省 自贡市 自流井区
44%
西藏自治区 日喀则市 白朗县
44%
香港特别行政区 香港特别行政区 离岛区
44%
新疆维吾尔自治区 克拉玛依市 独山子区
44%
新疆维吾尔自治区 乌鲁木齐市 水磨沟区
44%
云南省 昆明市 嵩明县
44%
云南省 普洱市 澜沧拉祜族自治县
44%
云南省 玉溪市 江川区
44%
云南省 玉溪市 澄江市
44%
浙江省 台州市 路桥区
44%
浙江省 舟山市 嵊泗县
44%
安徽省 蚌埠市 龙子湖区
43%
安徽省 亳州市 蒙城县
43%
安徽省 芜湖市 镜湖区
43%
福建省 漳州市 云霄县
43%
福建省 漳州市 诏安县
43%
甘肃省 定西市 岷县
43%
甘肃省 平凉市 华亭市
43%
甘肃省 庆阳市 华池县
43%
甘肃省 庆阳市 正宁县
43%
广东省 河源市 源城区
43%
广东省 汕头市 龙湖区
43%
广东省 珠海市 金湾区
43%
广西壮族自治区 百色市 凌云县
43%
广西壮族自治区 百色市 田东县
43%
广西壮族自治区 百色市 田林县
43%
广西壮族自治区 百色市 靖西市
43%
广西壮族自治区 来宾市 忻城县
43%
广西壮族自治区 南宁市 良庆区
43%
广西壮族自治区 梧州市 蒙山县
43%
广西壮族自治区 玉林市 兴业县
43%
贵州省 毕节市 黔西市
43%
贵州省 贵阳市 开阳县
43%
贵州省 黔东南苗族侗族自治州 剑河县
43%
贵州省 黔东南苗族侗族自治州 榕江县
43%
河北省 保定市 博野县
43%
河北省 沧州市 东光县
43%
河北省 承德市 双桥区
43%
河北省 邢台市 襄都区
43%
河南省 鹤壁市 山城区
43%
河南省 开封市 通许县
43%
河南省 南阳市 镇平县
43%
河南省 三门峡市 义马市
43%
黑龙江省 大庆市 大同区
43%
黑龙江省 哈尔滨市 方正县
43%
湖北省 黄石市 铁山区
43%
湖北省 黄石市 西塞山区
43%
湖北省 随州市 曾都区
43%
湖北省 咸宁市 通山县
43%
湖南省 常德市 津市市
43%
湖南省 郴州市 北湖区
43%
湖南省 衡阳市 石鼓区
43%
湖南省 怀化市 辰溪县
43%
湖南省 怀化市 会同县
43%
吉林省 吉林市 永吉县
43%
吉林省 辽源市 东丰县
43%
江西省 抚州市 乐安县
43%
江西省 抚州市 崇仁县
43%
江西省 九江市 瑞昌市
43%
江西省 宜春市 上高县
43%
江西省 宜春市 靖安县
43%
辽宁省 阜新市 新邱区
43%
辽宁省 辽阳市 弓长岭区
43%
辽宁省 辽阳市 宏伟区
43%
辽宁省 盘锦市 大洼区
43%
辽宁省 盘锦市 盘山县
43%
辽宁省 铁岭市 清河区
43%
内蒙古自治区 巴彦淖尔市 临河区
43%
内蒙古自治区 通辽市 扎鲁特旗
43%
内蒙古自治区 通辽市 库伦旗
43%
内蒙古自治区 乌兰察布市 凉城县
43%
内蒙古自治区 兴安盟 科尔沁右翼中旗
43%
内蒙古自治区 兴安盟 阿尔山市
43%
青海省 海东市 乐都区
43%
青海省 海南藏族自治州 贵南县
43%
山东省 潍坊市 奎文区
43%
山西省 临汾市 吉县
43%
山西省 临汾市 曲沃县
43%
山西省 临汾市 隰县
43%
山西省 朔州市 右玉县
43%
山西省 忻州市 偏关县
43%
陕西省 咸阳市 泾阳县
43%
四川省 巴中市 巴州区
43%
四川省 广安市 武胜县
43%
四川省 广元市 昭化区
43%
四川省 乐山市 犍为县
43%
四川省 凉山彝族自治州 宁南县
43%
四川省 泸州市 江阳区
43%
四川省 南充市 顺庆区
43%
四川省 雅安市 汉源县
43%
四川省 自贡市 荣县
43%
西藏自治区 拉萨市 曲水县
43%
香港特别行政区 香港特别行政区 西贡区
43%
新疆维吾尔自治区 昌吉回族自治州 阜康市
43%
云南省 玉溪市 华宁县
43%
云南省 昭通市 水富市
43%
浙江省 台州市 玉环市
43%
安徽省 阜阳市 颍东区
42%
安徽省 芜湖市 弋江区
42%
广东省 潮州市 湘桥区
42%
广西壮族自治区 来宾市 兴宾区
42%
广西壮族自治区 柳州市 柳北区
42%
贵州省 黔南布依族苗族自治州 龙里县
42%
海南省 三沙市 西沙区
42%
河北省 邯郸市 曲周县
42%
河南省 洛阳市 瀍河回族区
42%
黑龙江省 大庆市 红岗区
42%
黑龙江省 大庆市 林甸县
42%
黑龙江省 牡丹江市 绥芬河市
42%
黑龙江省 七台河市 勃利县
42%
黑龙江省 齐齐哈尔市 富拉尔基区
42%
湖北省 孝感市 云梦县
42%
吉林省 吉林市 磐石市
42%
吉林省 松原市 乾安县
42%
吉林省 松原市 宁江区
42%
吉林省 通化市 梅河口市
42%
江西省 南昌市 安义县
42%
辽宁省 大连市 沙河口区
42%
青海省 果洛藏族自治州 甘德县
42%
陕西省 安康市 岚皋县
42%
陕西省 汉中市 汉台区
42%
四川省 泸州市 纳溪区
42%
西藏自治区 那曲市 班戈县
42%
云南省 昆明市 东川区
42%
云南省 昆明市 寻甸回族彝族自治县
42%
云南省 普洱市 宁洱哈尼族彝族自治县
42%
福建省 三明市 泰宁县
41%
甘肃省 定西市 渭源县
41%
甘肃省 甘南藏族自治州 合作市
41%
甘肃省 兰州市 红古区
41%
甘肃省 陇南市 成县
41%
广东省 韶关市 乐昌市
41%
广东省 阳江市 江城区
41%
广西壮族自治区 崇左市 天等县
41%
广西壮族自治区 桂林市 叠彩区
41%
广西壮族自治区 来宾市 象州县
41%
广西壮族自治区 柳州市 柳江区
41%
广西壮族自治区 南宁市 马山县
41%
广西壮族自治区 梧州市 龙圩区
41%
贵州省 六盘水市 钟山区
41%
河北省 邯郸市 邱县
41%
河南省 焦作市 马村区
41%
河南省 洛阳市 涧西区
41%
河南省 南阳市 宛城区
41%
河南省 新乡市 卫滨区
41%
吉林省 通化市 辉南县
41%
吉林省 长春市 双阳区
41%
吉林省 长春市 二道区
41%
江西省 赣州市 崇义县
41%
辽宁省 辽阳市 文圣区
41%
宁夏回族自治区 固原市 隆德县
41%
山西省 晋中市 灵石县
41%
山西省 临汾市 浮山县
41%
山西省 临汾市 安泽县
41%
山西省 运城市 河津市
41%
山西省 长治市 屯留区
41%
陕西省 安康市 汉阴县
41%
陕西省 咸阳市 淳化县
41%
陕西省 咸阳市 旬邑县
41%
四川省 凉山彝族自治州 雷波县
41%
四川省 遂宁市 安居区
41%
四川省 宜宾市 筠连县
41%
西藏自治区 林芝市 朗县
41%
西藏自治区 那曲市 嘉黎县
41%
西藏自治区 日喀则市 岗巴县
41%
西藏自治区 日喀则市 康马县
41%
云南省 丽江市 永胜县
41%
云南省 怒江傈僳族自治州 贡山独龙族怒族自治县
41%
浙江省 温州市 洞头区
41%
福建省 漳州市 漳浦县
40%
福建省 漳州市 东山县
40%
甘肃省 陇南市 康县
40%
甘肃省 天水市 张家川回族自治县
40%
广东省 韶关市 武江区
40%
广西壮族自治区 百色市 田阳区
40%
广西壮族自治区 柳州市 鹿寨县
40%
广西壮族自治区 柳州市 融水苗族自治县
40%
贵州省 黔东南苗族侗族自治州 镇远县
40%
河北省 石家庄市 井陉矿区
40%
河北省 邢台市 巨鹿县
40%
河南省 南阳市 社旗县
40%
河南省 许昌市 鄢陵县
40%
河南省 周口市 西华县
40%
黑龙江省 鹤岗市 绥滨县
40%
黑龙江省 鸡西市 鸡冠区
40%
黑龙江省 齐齐哈尔市 铁锋区
40%
黑龙江省 齐齐哈尔市 依安县
40%
黑龙江省 绥化市 青冈县
40%
湖北省 十堰市 张湾区
40%
湖南省 娄底市 冷水江市
40%
湖南省 邵阳市 绥宁县
40%
湖南省 邵阳市 城步苗族自治县
40%
湖南省 邵阳市 大祥区
40%
湖南省 永州市 宁远县
40%
吉林省 吉林市 丰满区
40%
江西省 抚州市 东乡区
40%
江西省 抚州市 南城县
40%
江西省 鹰潭市 余江区
40%
辽宁省 锦州市 凌河区
40%
辽宁省 锦州市 古塔区
40%
辽宁省 营口市 站前区
40%
内蒙古自治区 包头市 东河区
40%
山西省 忻州市 岢岚县
40%
陕西省 延安市 吴起县
40%
四川省 广元市 旺苍县
40%
香港特别行政区 香港特别行政区 屯门区
40%
云南省 普洱市 景谷傣族彝族自治县
40%
云南省 文山壮族苗族自治州 广南县
40%
云南省 昭通市 永善县
40%
安徽省 安庆市 大观区
39%
福建省 福州市 平潭县
39%
福建省 莆田市 荔城区
39%
甘肃省 定西市 漳县
39%
甘肃省 平凉市 庄浪县
39%
广东省 肇庆市 端州区
39%
广西壮族自治区 百色市 德保县
39%
广西壮族自治区 崇左市 扶绥县
39%
广西壮族自治区 崇左市 凭祥市
39%
广西壮族自治区 防城港市 港口区
39%
广西壮族自治区 贵港市 覃塘区
39%
广西壮族自治区 柳州市 柳城县
39%
广西壮族自治区 南宁市 兴宁区
39%
贵州省 贵阳市 花溪区
39%
贵州省 黔东南苗族侗族自治州 施秉县
39%
贵州省 黔南布依族苗族自治州 长顺县
39%
贵州省 铜仁市 玉屏侗族自治县
39%
河北省 邯郸市 肥乡区
39%
河北省 邢台市 内丘县
39%
河南省 三门峡市 湖滨区
39%
河南省 商丘市 柘城县
39%
黑龙江省 大庆市 肇州县
39%
黑龙江省 哈尔滨市 延寿县
39%
黑龙江省 哈尔滨市 木兰县
39%
黑龙江省 鸡西市 虎林市
39%
黑龙江省 齐齐哈尔市 碾子山区
39%
黑龙江省 齐齐哈尔市 昂昂溪区
39%
黑龙江省 伊春市 乌翠区
39%
湖北省 宜昌市 远安县
39%
湖南省 郴州市 汝城县
39%
湖南省 邵阳市 洞口县
39%
湖南省 永州市 道县
39%
吉林省 白山市 江源区
39%
吉林省 吉林市 龙潭区
39%
吉林省 吉林市 船营区
39%
吉林省 辽源市 西安区
39%
江西省 抚州市 资溪县
39%
江西省 抚州市 广昌县
39%
江西省 景德镇市 珠山区
39%
江西省 上饶市 信州区
39%
辽宁省 抚顺市 顺城区
39%
辽宁省 抚顺市 新抚区
39%
辽宁省 营口市 老边区
39%
辽宁省 营口市 西市区
39%
内蒙古自治区 巴彦淖尔市 杭锦后旗
39%
内蒙古自治区 赤峰市 阿鲁科尔沁旗
39%
内蒙古自治区 鄂尔多斯市 东胜区
39%
内蒙古自治区 呼和浩特市 土默特左旗
39%
内蒙古自治区 通辽市 霍林郭勒市
39%
内蒙古自治区 乌兰察布市 四子王旗
39%
内蒙古自治区 乌兰察布市 兴和县
39%
宁夏回族自治区 固原市 彭阳县
39%
山西省 临汾市 翼城县
39%
山西省 吕梁市 岚县
39%
山西省 运城市 稷山县
39%
山西省 长治市 襄垣县
39%
陕西省 宝鸡市 渭滨区
39%
四川省 乐山市 沐川县
39%
四川省 乐山市 马边彝族自治县
39%
四川省 眉山市 东坡区
39%
西藏自治区 昌都市 左贡县
39%
西藏自治区 拉萨市 当雄县
39%
西藏自治区 日喀则市 萨迦县
39%
西藏自治区 日喀则市 亚东县
39%
新疆维吾尔自治区 阿勒泰地区 富蕴县
39%
新疆维吾尔自治区 喀什地区 泽普县
39%
云南省 红河哈尼族彝族自治州 泸西县
39%
云南省 昆明市 石林彝族自治县
39%
云南省 丽江市 古城区
39%
云南省 临沧市 临翔区
39%
云南省 曲靖市 陆良县
39%
云南省 文山壮族苗族自治州 丘北县
39%
云南省 玉溪市 峨山彝族自治县
39%
云南省 玉溪市 易门县
39%
云南省 昭通市 昭阳区
39%
云南省 昭通市 镇雄县
39%
福建省 莆田市 秀屿区
38%
甘肃省 平凉市 崆峒区
38%
广西壮族自治区 北海市 铁山港区
38%
广西壮族自治区 河池市 东兰县
38%
黑龙江省 大庆市 萨尔图区
38%
湖北省 宜昌市 伍家岗区
38%
湖北省 宜昌市 西陵区
38%
湖南省 怀化市 靖州苗族侗族自治县
38%
吉林省 辽源市 龙山区
38%
江西省 抚州市 黎川县
38%
江西省 宜春市 奉新县
38%
辽宁省 铁岭市 银州区
38%
内蒙古自治区 乌兰察布市 察哈尔右翼前旗
38%
宁夏回族自治区 固原市 泾源县
38%
四川省 凉山彝族自治州 美姑县
38%
西藏自治区 日喀则市 定日县
38%
西藏自治区 日喀则市 聂拉木县
38%
西藏自治区 山南市 措美县
38%
新疆维吾尔自治区 克孜勒苏柯尔克孜自治州 阿合奇县
38%
云南省 临沧市 耿马傣族佤族自治县
38%
云南省 临沧市 云县
38%
云南省 昭通市 威信县
38%
澳门特别行政区 澳门特别行政区 澳门特别行政区
37%
甘肃省 定西市 陇西县
37%
广西壮族自治区 崇左市 大新县
37%
贵州省 安顺市 平坝区
37%
贵州省 贵阳市 息烽县
37%
河北省 保定市 莲池区
37%
河南省 许昌市 魏都区
37%
湖北省 黄石市 黄石港区
37%
吉林省 吉林市 昌邑区
37%
江西省 宜春市 宜丰县
37%
内蒙古自治区 锡林郭勒盟 正镶白旗
37%
青海省 黄南藏族自治州 同仁市
37%
陕西省 铜川市 王益区
37%
陕西省 咸阳市 长武县
37%
四川省 达州市 通川区
37%
四川省 凉山彝族自治州 金阳县
37%
四川省 凉山彝族自治州 甘洛县
37%
四川省 凉山彝族自治州 越西县
37%
西藏自治区 昌都市 芒康县
37%
西藏自治区 那曲市 色尼区
37%
新疆维吾尔自治区 伊犁哈萨克自治州 新源县
37%
云南省 玉溪市 通海县
37%
福建省 泉州市 惠安县
36%
福建省 漳州市 芗城区
36%
福建省 漳州市 华安县
36%
甘肃省 临夏回族自治州 康乐县
36%
甘肃省 平凉市 泾川县
36%
广西壮族自治区 河池市 凤山县
36%
广西壮族自治区 河池市 金城江区
36%
广西壮族自治区 梧州市 长洲区
36%
广西壮族自治区 梧州市 万秀区
36%
贵州省 黔南布依族苗族自治州 惠水县
36%
贵州省 遵义市 湄潭县
36%
河北省 衡水市 阜城县
36%
河北省 邢台市 平乡县
36%
黑龙江省 鸡西市 城子河区
36%
辽宁省 盘锦市 兴隆台区
36%
内蒙古自治区 赤峰市 林西县
36%
山西省 大同市 天镇县
36%
陕西省 宝鸡市 金台区
36%
陕西省 咸阳市 彬州市
36%
西藏自治区 昌都市 类乌齐县
36%
西藏自治区 昌都市 边坝县
36%
新疆维吾尔自治区 阿勒泰地区 青河县
36%
新疆维吾尔自治区 伊犁哈萨克自治州 特克斯县
36%
云南省 大理白族自治州 永平县
36%
甘肃省 平凉市 灵台县
35%
甘肃省 平凉市 崇信县
35%
广西壮族自治区 河池市 罗城仫佬族自治县
35%
广西壮族自治区 河池市 都安瑶族自治县
35%
广西壮族自治区 来宾市 武宣县
35%
贵州省 贵阳市 南明区
35%
贵州省 黔东南苗族侗族自治州 三穗县
35%
贵州省 黔南布依族苗族自治州 瓮安县
35%
贵州省 遵义市 道真仡佬族苗族自治县
35%
河北省 邢台市 临城县
35%
河北省 邢台市 隆尧县
35%
河南省 漯河市 召陵区
35%
河南省 周口市 川汇区
35%
黑龙江省 大庆市 让胡路区
35%
黑龙江省 大庆市 龙凤区
35%
黑龙江省 绥化市 望奎县
35%
黑龙江省 伊春市 铁力市
35%
湖南省 郴州市 嘉禾县
35%
湖南省 邵阳市 北塔区
35%
湖南省 株洲市 天元区
35%
江西省 赣州市 上犹县
35%
辽宁省 沈阳市 康平县
35%
内蒙古自治区 赤峰市 元宝山区
35%
内蒙古自治区 乌兰察布市 察哈尔右翼中旗
35%
内蒙古自治区 锡林郭勒盟 镶黄旗
35%
青海省 黄南藏族自治州 尖扎县
35%
四川省 广元市 朝天区
35%
四川省 南充市 营山县
35%
四川省 雅安市 名山区
35%
西藏自治区 拉萨市 墨竹工卡县
35%
西藏自治区 山南市 洛扎县
35%
香港特别行政区 香港特别行政区 葵青区
35%
云南省 楚雄彝族自治州 大姚县
35%
云南省 大理白族自治州 南涧彝族自治县
35%
云南省 临沧市 永德县
35%
云南省 玉溪市 红塔区
35%
云南省 昭通市 大关县
35%
云南省 昭通市 鲁甸县
35%
甘肃省 庆阳市 镇原县
34%
甘肃省 庆阳市 西峰区
34%
广东省 汕头市 濠江区
34%
广东省 湛江市 赤坎区
34%
广西壮族自治区 玉林市 福绵区
34%
贵州省 黔西南布依族苗族自治州 贞丰县
34%
河北省 邢台市 任泽区
34%
湖南省 永州市 新田县
34%
内蒙古自治区 乌兰察布市 丰镇市
34%
山西省 忻州市 五寨县
34%
四川省 泸州市 龙马潭区
34%
四川省 遂宁市 船山区
34%
西藏自治区 昌都市 察雅县
34%
西藏自治区 山南市 浪卡子县
34%
香港特别行政区 香港特别行政区 九龙城区
34%
云南省 普洱市 镇沅彝族哈尼族拉祜族自治县
34%
云南省 文山壮族苗族自治州 麻栗坡县
34%
福建省 漳州市 龙文区
33%
广西壮族自治区 贵港市 港北区
33%
广西壮族自治区 贺州市 平桂区
33%
贵州省 遵义市 红花岗区
33%
河南省 漯河市 源汇区
33%
河南省 平顶山市 石龙区
33%
河南省 周口市 扶沟县
33%
黑龙江省 绥化市 明水县
33%
黑龙江省 伊春市 大箐山县
33%
湖南省 永州市 江永县
33%
吉林省 白山市 靖宇县
33%
江西省 鹰潭市 月湖区
33%
辽宁省 丹东市 元宝区
33%
内蒙古自治区 赤峰市 巴林右旗
33%
内蒙古自治区 兴安盟 突泉县
33%
四川省 成都市 蒲江县
33%
四川省 凉山彝族自治州 布拖县
33%
西藏自治区 日喀则市 拉孜县
33%
西藏自治区 日喀则市 定结县
33%
西藏自治区 山南市 桑日县
33%
香港特别行政区 香港特别行政区 深水埗区
33%
新疆维吾尔自治区 阿勒泰地区 哈巴河县
33%
云南省 临沧市 凤庆县
33%
广东省 汕头市 南澳县
32%
广西壮族自治区 百色市 乐业县
32%
广西壮族自治区 南宁市 上林县
32%
广西壮族自治区 玉林市 玉州区
32%
贵州省 黔南布依族苗族自治州 罗甸县
32%
贵州省 黔西南布依族苗族自治州 望谟县
32%
黑龙江省 鸡西市 麻山区
32%
黑龙江省 七台河市 新兴区
32%
黑龙江省 齐齐哈尔市 建华区
32%
黑龙江省 齐齐哈尔市 龙沙区
32%
内蒙古自治区 赤峰市 红山区
32%
内蒙古自治区 乌兰察布市 化德县
32%
内蒙古自治区 锡林郭勒盟 太仆寺旗
32%
山西省 长治市 潞城区
32%
四川省 南充市 高坪区
32%
西藏自治区 昌都市 丁青县
32%
西藏自治区 那曲市 巴青县
32%
西藏自治区 那曲市 比如县
32%
香港特别行政区 香港特别行政区 黄大仙区
32%
云南省 临沧市 沧源佤族自治县
32%
云南省 临沧市 双江拉祜族佤族布朗族傣族自治县
32%
云南省 玉溪市 新平彝族傣族自治县
32%
甘肃省 甘南藏族自治州 临潭县
31%
甘肃省 莲花山风景林自然保护区 莲花山风景林自然保护区
31%
广西壮族自治区 百色市 那坡县
31%
广西壮族自治区 崇左市 江州区
31%
广西壮族自治区 贺州市 富川瑶族自治县
31%
贵州省 遵义市 凤冈县
31%
江西省 萍乡市 安源区
31%
内蒙古自治区 呼和浩特市 玉泉区
31%
西藏自治区 昌都市 洛隆县
31%
西藏自治区 那曲市 索县
31%
西藏自治区 日喀则市 桑珠孜区
31%
西藏自治区 日喀则市 江孜县
31%
西藏自治区 山南市 乃东区
31%
云南省 保山市 昌宁县
31%
云南省 普洱市 西盟佤族自治县
31%
云南省 普洱市 孟连傣族拉祜族佤族自治县
31%
甘肃省 庆阳市 庆城县
30%
贵州省 黔西南布依族苗族自治州 册亨县
30%
贵州省 铜仁市 德江县
30%
贵州省 遵义市 正安县
30%
贵州省 遵义市 务川仡佬族苗族自治县
30%
河北省 邯郸市 鸡泽县
30%
黑龙江省 伊春市 友好区
30%
内蒙古自治区 包头市 白云鄂博矿区
30%
内蒙古自治区 乌兰察布市 集宁区
30%
四川省 眉山市 丹棱县
30%
西藏自治区 山南市 加查县
30%
云南省 曲靖市 马龙区
30%
云南省 曲靖市 麒麟区
30%
甘肃省 临夏回族自治州 广河县
29%
广东省 湛江市 霞山区
29%
贵州省 黔东南苗族侗族自治州 锦屏县
29%
河北省 保定市 竞秀区
29%
吉林省 延边朝鲜族自治州 和龙市
29%
辽宁省 辽阳市 白塔区
29%
西藏自治区 拉萨市 尼木县
29%
西藏自治区 日喀则市 仁布县
29%
西藏自治区 日喀则市 南木林县
29%
西藏自治区 日喀则市 萨嘎县
29%
西藏自治区 山南市 曲松县
29%
新疆维吾尔自治区 伊犁哈萨克自治州 昭苏县
29%
广西壮族自治区 河池市 天峨县
28%
贵州省 安顺市 西秀区
28%
贵州省 安顺市 紫云苗族布依族自治县
28%
贵州省 铜仁市 思南县
28%
贵州省 遵义市 绥阳县
28%
黑龙江省 七台河市 桃山区
28%
湖南省 邵阳市 双清区
28%
辽宁省 盘锦市 双台子区
28%
内蒙古自治区 鄂尔多斯市 康巴什区
28%
香港特别行政区 香港特别行政区 观塘区
28%
云南省 曲靖市 师宗县
28%
黑龙江省 伊春市 汤旺县
27%
内蒙古自治区 赤峰市 巴林左旗
27%
西藏自治区 日喀则市 吉隆县
26%
新疆维吾尔自治区 克拉玛依市 乌尔禾区
26%
贵州省 遵义市 余庆县
25%
香港特别行政区 香港特别行政区 油尖旺区
25%
辽宁省 大连市 长海县
24%
云南省 临沧市 镇康县
24%
广西壮族自治区 贺州市 钟山县
23%
广西壮族自治区 来宾市 合山市
23%
云南省 保山市 施甸县
23%
西藏自治区 山南市 琼结县
21%
云南省 楚雄彝族自治州 姚安县
20%
黑龙江省 双鸭山市 尖山区
19%
No matching quizzes found
Score Distribution
Percent of People with Each Score
Percentile by Number Answered
Your Score History
You have not taken this quiz since the last reset